{"text_format":"3","workbook":"xls","n_sheets":4,"sheets":["账内管附件库龄一年半以上销售清单","账内焊材库龄一年半以上销售清单","账外管材出售处置清单","账外管附件出售处置清单"],"read":"whole","date_system":"1900","formulas":"cached_only"}

{"sheet":"账内管附件库龄一年半以上销售清单","index":0,"n_rows":451,"n_cols":5,"rows_kept":451,"flags":["formulas_cached_only"]}
[null,"账内管附件库龄一年半以上销售清单"]
["库房名称","物资名称","规格","管理单位","管理数量(库存汇总量)"]
["管附件库","同心异径接头 QJ/WH02-510-2016 410|22X3/16X2","22X3/16X2","单件/张/根",1]
["管附件库","温度传感器螺纹接头焊接座 仿CB*53-80 A3|FG1/2寸G L=50 410-II","FG1/2寸G L=50","单件/张/根",20]
["管附件库","温度传感器螺纹接头焊接座 仿CB*53-80 A3|FG1/2寸G L=110 410-II","FG1/2寸G L=110","单件/张/根",4]
["管附件库","同心异径接头 QJ/WH02-510-2016 20#|22X3.5/17.2X1.8","22X3.5/17.2X1.8","单件/张/根",4]
["管附件库","同心异径接头 QJ/WH02-510-2016 20#|42X3/34X3","42X3/34X3","单件/张/根",1]
["管附件库","三角阀螺纹接头座DN25(SUS304L)","G1/2寸内螺纹+G7/8寸外螺纹","单件/张/根",1]
["管附件库","搭焊异径钢法兰 CB/T312-1999 Q235-A 16400/300","16400/300","单件/张/根",10]
["管附件库","搭焊钢法兰 GB/T2506-2005 Q235A|仿6032 配管φ35","搭焊钢法兰 GB/T2506-2005 Q235A|仿6032 配管φ35","单件/张/根",2]
["管附件库","板式平焊钢制管法兰 DN20-PN40 PL RF Q235A GB/T9119","40020 GB/T9119|Q235A","单件/张/根",5]
["管附件库","搭焊钢法兰 GB/T2506-2005 Q235A|仿10032","法兰内孔37","单件/张/根",2]
["管附件库","搭焊钢法兰 GB/T2506-2005 Q235A|仿10032","法兰内孔37","单件/张/根",4]
["管附件库",16015,"搭焊钢法兰 16015 ANSI-150LB Q235-A","单件/张/根",4]
["管附件库","紫铜松套法兰  AL10025  法兰按GB2506-89  TP","AL10025  法兰按GB2506-90  TP","单件/张/根",1]
["管附件库","搭焊钢法兰 GB/T2506-2005 Q235A|仿10040","法兰内孔43","单件/张/根",6]
["管附件库","不锈钢搭焊钢法兰 CBT46-2007 316L(高铬高镍高钼)|10080",10080,"单件/张/根",2]
["管附件库","不锈钢搭焊钢法兰 CBT46-2007 316L(高铬高镍高钼)|10080",10080,"单件/张/根",2]
["管附件库","不锈钢搭焊钢法兰 CBT46-2007 316L(高铬高镍高钼)|10080",10080,"单件/张/根",2]
["管附件库","不锈钢搭焊钢法兰 CBT46-2007 316L(高铬高镍高钼)|10080",10080,"单件/张/根",2]
["管附件库","不锈钢搭焊钢法兰 CBT46-2007 316L(高铬高镍高钼)|10080",10080,"单件/张/根",2]
["管附件库","搭焊钢法兰 GB/T2506-2005 Q235A|仿6025","Q235A|仿6025","单件/张/根",5]
["管附件库","不锈钢搭焊钢法兰 CBT46-2007 316L(高铬高镍高钼)|16032",16032,"单件/张/根",8]
["管附件库","不锈钢搭焊钢法兰 CBT46-2007 316L(高铬高镍高钼)|16032",16032,"单件/张/根",8]
["管附件库","不锈钢搭焊钢法兰 CBT46-2007 316L(高铬高镍高钼)|16032",16032,"单件/张/根",3]
["管附件库","不锈钢搭焊钢法兰 CBT46-2007 316L(高铬高镍高钼)|16032",16032,"单件/张/根",5]
["管附件库","不锈钢搭焊钢法兰 CBT46-2007 316L(高铬高镍高钼)|16032",16032,"单件/张/根",8]
["管附件库","不锈钢搭焊钢法兰 CBT46-2007 316L(高铬高镍高钼)|16032",16032,"单件/张/根",5]
["管附件库","不锈钢搭焊钢法兰 CBT46-2007 316L(高铬高镍高钼)|16032",16032,"单件/张/根",2]
["管附件库","不锈钢搭焊钢法兰 CBT46-2007 316L(高铬高镍高钼)|16032",16032,"单件/张/根",3]
["管附件库","不锈钢搭焊钢法兰 CBT46-2007 316L(高铬高镍高钼)|16032",16032,"单件/张/根",5]
["管附件库","不锈钢搭焊钢法兰 CBT46-2007 316L(高铬高镍高钼)|16032",16032,"单件/张/根",3]
["管附件库","不锈钢搭焊钢法兰 CBT46-2007 316L(高铬高镍高钼)|16032",16032,"单件/张/根",2]
["管附件库","紫铜松套法兰  AL10040  法兰按GB2506-89  TP","AL10040  法兰按GB2506-90  TP","单件/张/根",3]
["管附件库","搭焊钢法兰 GB/T2506-2005 Q235A|仿16025","法兰内孔30","单件/张/根",6]
["管附件库","不锈钢搭焊钢法兰 CBT46-2007 316L(高铬高镍高钼)|16040",16040,"单件/张/根",5]
["管附件库","不锈钢搭焊钢法兰 CBT46-2007 316L(高铬高镍高钼)|16040",16040,"单件/张/根",3]
["管附件库","不锈钢搭焊钢法兰 CBT46-2007 316L(高铬高镍高钼)|16040",16040,"单件/张/根",7]
["管附件库","不锈钢搭焊钢法兰 CBT46-2007 316L(高铬高镍高钼)|16040",16040,"单件/张/根",4]
["管附件库","不锈钢搭焊钢法兰 CBT46-2007 316L(高铬高镍高钼)|16040",16040,"单件/张/根",4]
["管附件库","不锈钢搭焊钢法兰 CBT46-2007 316L(高铬高镍高钼)|16040",16040,"单件/张/根",5]
["管附件库","不锈钢搭焊钢法兰 CBT46-2007 316L(高铬高镍高钼)|16040",16040,"单件/张/根",3]
["管附件库","不锈钢搭焊钢法兰 CBT46-2007 316L(高铬高镍高钼)|16040",16040,"单件/张/根",7]
["管附件库","不锈钢搭焊钢法兰 CBT46-2007 316L(高铬高镍高钼)|16040",16040,"单件/张/根",4]
["管附件库","不锈钢搭焊钢法兰 CBT46-2007 316L(高铬高镍高钼)|16040",16040,"单件/张/根",7]
["管附件库","不锈钢搭焊钢法兰 CBT46-2007 316L(高铬高镍高钼)|16040",16040,"单件/张/根",3]
["管附件库","不锈钢搭焊钢法兰 CBT46-2007 316L(高铬高镍高钼)|16040",16040,"单件/张/根",5]
["管附件库","不锈钢搭焊钢法兰 CBT46-2007 316L(高铬高镍高钼)|16040",16040,"单件/张/根",3]
["管附件库","不锈钢搭焊钢法兰 CBT46-2007 316L(高铬高镍高钼)|16040",16040,"单件/张/根",7]
["管附件库","不锈钢搭焊钢法兰 CBT46-2007 316L(高铬高镍高钼)|16040",16040,"单件/张/根",5]
["管附件库","不锈钢搭焊钢法兰 CBT46-2007 316L(高铬高镍高钼)|16040",16040,"单件/张/根",5]
["管附件库","不锈钢搭焊钢法兰 CBT46-2007 316L(高铬高镍高钼)|16040",16040,"单件/张/根",7]
["管附件库","不锈钢搭焊钢法兰 CBT46-2007 316L(高铬高镍高钼)|16040",16040,"单件/张/根",3]
["管附件库","紫铜松套法兰  AL6040  法兰按GB2506-89  TP","AL6040  法兰按GB2506-90  TP","单件/张/根",1]
["管附件库","搭焊钢法兰 GB/T2506-2005 Q235A|仿6020","法兰内孔24","单件/张/根",5]
["管附件库","搭焊钢法兰 DN50-PN25 PL RF Q235A G","DN50-PN25","单件/张/根",2]
["管附件库","不锈钢搭焊钢法兰 CBT46-2007 316L(高铬高镍高钼)|16050",16050,"单件/张/根",4]
["管附件库","不锈钢搭焊钢法兰 CBT46-2007 316L(高铬高镍高钼)|16050",16050,"单件/张/根",4]
["管附件库","不锈钢搭焊钢法兰 CBT46-2007 316L(高铬高镍高钼)|16050",16050,"单件/张/根",5]
["管附件库","不锈钢搭焊钢法兰 CBT46-2007 316L(高铬高镍高钼)|16050",16050,"单件/张/根",5]
["管附件库","不锈钢搭焊钢法兰 CBT46-2007 316L(高铬高镍高钼)|16050",16050,"单件/张/根",4]
["管附件库","不锈钢搭焊钢法兰 CBT46-2007 316L(高铬高镍高钼)|16050",16050,"单件/张/根",4]
["管附件库","不锈钢搭焊钢法兰 CBT46-2007 316L(高铬高镍高钼)|16050",16050,"单件/张/根",4]
["管附件库","不锈钢搭焊钢法兰 CBT46-2007 316L(高铬高镍高钼)|16050",16050,"单件/张/根",4]
["管附件库","不锈钢搭焊钢法兰 CBT46-2007 316L(高铬高镍高钼)|16050",16050,"单件/张/根",5]
["管附件库","不锈钢搭焊钢法兰 CBT46-2007 316L(高铬高镍高钼)|16050",16050,"单件/张/根",5]
["管附件库","不锈钢搭焊钢法兰 CBT46-2007 316L(高铬高镍高钼)|16050",16050,"单件/张/根",4]
["管附件库","不锈钢搭焊钢法兰 CBT46-2007 316L(高铬高镍高钼)|16050",16050,"单件/张/根",4]
["管附件库","不锈钢搭焊钢法兰 CBT46-2007 316L(高铬高镍高钼)|16050",16050,"单件/张/根",4]
["管附件库","不锈钢搭焊钢法兰 CBT46-2007 316L(高铬高镍高钼)|16050",16050,"单件/张/根",4]
["管附件库","不锈钢搭焊钢法兰 CBT46-2007 316L(高铬高镍高钼)|16050",16050,"单件/张/根",5]
["管附件库","搭焊钢法兰  10025  GB2506-89  316L 法兰内圈孔扩至φ36","10025  GB2506-89  316L 法兰内圈孔扩至φ37","单件/张/根",2]
["管附件库","搭焊钢法兰  10025  GB2506-89  316L 法兰内圈孔扩至φ36","10025  GB2506-89  316L 法兰内圈孔扩至φ37","单件/张/根",2]
["管附件库","紫铜松套法兰  AL06015  法兰按GB2506-89  TP",null,"单件/张/根",1]
["管附件库","紫铜松套法兰  AL06015  法兰按GB2506-89  TP",null,"单件/张/根",2]
["管附件库","紫铜松套法兰  AL06015  法兰按GB2506-89  TP",null,"单件/张/根",2]
["管附件库","对焊钢法兰 ANSI-150LB 410 16050-60X4","16050-60X4","单件/张/根",2]
["管附件库","SAE法兰","HT/DFL-20-35X4","套",1]
["管附件库","绝缘松套法兰  6015  Q/725-1243-2003 仿GB  B10",null,"单件/张/根",1]
["管附件库","绝缘松套法兰  6015  Q/725-1243-2003 仿GB  B10",null,"单件/张/根",1]
["管附件库","SAE法兰","HT/DFL-20-42X4.5","套",1]
["管附件库","对焊钢法兰 ANSI-150LB 410 16150-168X5 BV-II","16150-168X5","单件/张/根",2]
["管附件库","对焊钢法兰 ANSI-150LB 410 16200-219X9 BV-II","16200-219X9","单件/张/根",4]
["管附件库","对焊钢法兰 ANSI-150LB 410 16200-219X9 BV-II","16200-219X9","单件/张/根",4]
["管附件库","对焊钢法兰 ANSI-150LB 410 16250-273X9 BV-II","16250-273X9","单件/张/根",2]
["管附件库","绝缘松套法兰  6100  Q/725-1243-2003 仿GB  B10",null,"单件/张/根",1]
["管附件库","绝缘松套法兰  6100  Q/725-1243-2003 仿GB  B10",null,"单件/张/根",1]
["管附件库","绝缘松套法兰  6100  Q/725-1243-2003 仿GB  B10",null,"单件/张/根",1]
["管附件库","对焊法兰  WNRF16065  GB/T9115-2010(系列I)  Q235-A II    BV证书","WNRF16065  GB/T9115-2010(系列I)  Q236-A II    BV证书","单件/张/根",9]
["管附件库","对焊钢法兰(美标)  DN50(60X2.8)  ANSI-150LB  316L",null,"单件/张/根",2]
["管附件库","对焊钢法兰(美标)  DN150(168X5)  ANSI-150LB  410",null,"单件/张/根",2]
["管附件库","对焊钢法兰(美标)  DN100(114X4.5)  ANSI-150LB  410",null,"单件/张/根",2]
["管附件库","绝缘松套法兰  10080  Q/725-1243-2003 仿GB  B10",null,"单件/张/根",1]
["管附件库","绝缘松套法兰  10080  Q/725-1243-2003 仿GB  B10",null,"单件/张/根",1]
["管附件库","绝缘松套法兰  16100  Q/725-1243-2003 仿GB  B10",null,"单件/张/根",2]
["管附件库","绝缘松套法兰  16100  Q/725-1243-2003 仿GB  B10",null,"单件/张/根",2]
["管附件库","绝缘松套法兰  16100  Q/725-1243-2003 仿GB  B10",null,"单件/张/根",2]
["管附件库","盲板法兰","AS6020 GB/T4450-2008 CCS-II AISI304L","单件/张/根",1]
["管附件库","美标盲板法兰","盲板法兰 ASME B16.5|DN250-150磅  Q235A","单件/张/根",1]
["管附件库","A型连接套管  35*2*60  QJ/WH02-501-2016  B10",null,"单件/张/根",2]
["管附件库","A型连接套管  35*2*60  QJ/WH02-501-2016  B10",null,"单件/张/根",2]
["管附件库","A型连接套管  35*2*60  QJ/WH02-501-2016  B10",null,"单件/张/根",2]
["管附件库","A型连接套管  43*2*60  QJ/WH02-501-2016  B10",null,"单件/张/根",4]
["管附件库","A型连接套管  43*2*60  QJ/WH02-501-2016  B10",null,"单件/张/根",4]
["管附件库","A型连接套管  43*2*60  QJ/WH02-501-2016  B10",null,"单件/张/根",4]
["管附件库","A型连接套管  50*2*80  QJ/WH02-501-2016  B10",null,"单件/张/根",7]
["管附件库","A型连接套管  50*2*80  QJ/WH02-501-2016  B10",null,"单件/张/根",7]
["管附件库","A型连接套管  63*2*80  QJ/WH02-501-2016  B10",null,"单件/张/根",2]
["管附件库","A型连接套管  63*2*80  QJ/WH02-501-2016  B10",null,"单件/张/根",4]
["管附件库","A型连接套管  63*2*80  QJ/WH02-501-2016  B10",null,"单件/张/根",4]
["管附件库","BB型镍铜通舱双套管  铜内套30*2*120钢外套42*5*80  QJ/WH02-501-2016  B10",null,"单件/张/根",2]
["管附件库","BB型镍铜通舱双套管  铜内套30*2*120钢外套42*5*80  QJ/WH02-501-2016  B10",null,"单件/张/根",2]
["管附件库","BB型镍铜通舱双套管  铜内套30*2*120钢外套42*5*80  QJ/WH02-501-2016  B10",null,"单件/张/根",2]
["管附件库","BB型镍铜通舱双套管  铜内套35*2*120钢外套48*5*80  QJ/WH02-501-2016  B10",null,"单件/张/根",12]
["管附件库","BB型镍铜通舱双套管  铜内套35*2*120钢外套48*5*80  QJ/WH02-501-2016  B10",null,"单件/张/根",12]
["管附件库","BB型镍铜通舱双套管  铜内套35*2*120钢外套48*5*80  QJ/WH02-501-2016  B10",null,"单件/张/根",12]
["管附件库","双相不锈钢通舱套管 GB/T21833-2008 S25073|32X5X120","32X5X120","单件/张/根",4]
["管附件库","双相不锈钢通舱套管 GB/T21833-2008 S25073|32X5X120","32X5X120","单件/张/根",4]
["管附件库","双相不锈钢通舱套管 GB/T21833-2008 S25073|32X5X120","32X5X120","单件/张/根",4]
["管附件库","双相不锈钢通舱套管 GB/T21833-2008 S25073|32X5X120","32X5X120","单件/张/根",4]
["管附件库","双相不锈钢通舱套管 GB/T21833-2008 S25073|32X5X120","32X5X120","单件/张/根",4]
["管附件库","BB型镍铜通舱双套管  铜内套43*2*120钢外套57*6.5*80  QJ/WH02-501-2016  B10",null,"单件/张/根",10]
["管附件库","BB型镍铜通舱双套管  铜内套43*2*120钢外套57*6.5*80  QJ/WH02-501-2016  B10",null,"单件/张/根",10]
["管附件库","双相不锈钢通舱套管 GB/T21833-2008 S25073|45X6X120","45X6X120","单件/张/根",4]
["管附件库","双相不锈钢通舱套管 GB/T21833-2008 S25073|45X6X120","45X6X120","单件/张/根",4]
["管附件库","双相不锈钢通舱套管 GB/T21833-2008 S25073|45X6X120","45X6X120","单件/张/根",4]
["管附件库","双相不锈钢通舱套管 GB/T21833-2008 S25073|45X6X120","45X6X120","单件/张/根",4]
["管附件库","双相不锈钢通舱套管 GB/T21833-2008 S25073|45X6X120","45X6X120","单件/张/根",4]
["管附件库","BB型镍铜通舱双套管  铜内套50*2*120钢外套63.5*6*80  QJ/WH02-501-2016  B10",null,"单件/张/根",8]
["管附件库","BB型镍铜通舱双套管  铜内套50*2*120钢外套63.5*6*80  QJ/WH02-501-2016  B10",null,"单件/张/根",8]
["管附件库","双相不锈钢通舱套管 GB/T21833-2008 S25073|60X5X120","60X5X120","单件/张/根",4]
["管附件库","双相不锈钢通舱套管 GB/T21833-2008 S25073|60X5X120","60X5X120","单件/张/根",4]
["管附件库","双相不锈钢通舱套管 GB/T21833-2008 S25073|60X5X120","60X5X120","单件/张/根",4]
["管附件库","双相不锈钢通舱套管 GB/T21833-2008 S25073|60X5X120","60X5X120","单件/张/根",4]
["管附件库","双相不锈钢通舱套管 GB/T21833-2008 S25073|60X5X120","60X5X120","单件/张/根",4]
["管附件库","BB型镍铜通舱双套管  铜内套63*2*120钢外套76*5.5*80  QJ/WH02-501-2016  B10",null,"单件/张/根",1]
["管附件库","BB型镍铜通舱双套管  铜内套63*2*120钢外套76*5.5*80  QJ/WH02-501-2016  B10",null,"单件/张/根",32]
["管附件库","BB型镍铜通舱双套管  铜内套63*2*120钢外套76*5.5*80  QJ/WH02-501-2016  B10",null,"单件/张/根",32]
["管附件库","双相不锈钢通舱套管 GB/T21833-2008 S25073|73X5.16X120","73X5.16X120","单件/张/根",4]
["管附件库","双相不锈钢通舱套管 GB/T21833-2008 S25073|73X5.16X120","73X5.16X120","单件/张/根",4]
["管附件库","双相不锈钢通舱套管 GB/T21833-2008 S25073|73X5.16X120","73X5.16X120","单件/张/根",4]
["管附件库","双相不锈钢通舱套管 GB/T21833-2008 S25073|73X5.16X120","73X5.16X120","单件/张/根",4]
["管附件库","双相不锈钢通舱套管 GB/T21833-2008 S25073|73X5.16X120","73X5.16X120","单件/张/根",4]
["管附件库","BB型镍铜通舱双套管  铜内套83*2.5*120钢外套99*7*80  QJ/WH02-501-2016  B10",null,"单件/张/根",2]
["管附件库","BB型镍铜通舱双套管  铜内套83*2.5*120钢外套99*7*80  QJ/WH02-501-2016  B10",null,"单件/张/根",1]
["管附件库","BB型镍铜通舱双套管  铜内套83*2.5*120钢外套99*7*80  QJ/WH02-501-2016  B10",null,"单件/张/根",1]
["管附件库","BB型镍铜通舱双套管  铜内套167*3*180钢外套190*10*120  QJ/WH02-501-2016  B10",null,"单件/张/根",2]
["管附件库","钢管定型弯头 QJ/WH02-510-2016 20#|325X6.5X90-2.0D","325X6.5X90-2.0D","单件/张/根",2]
["管附件库","定型弯头 仿GB/T10752-2005 20#|219X4.5X85-ES","219X4.5X85-ES","单件/张/根",1]
["管附件库","钢板卷制定型弯头","QJ/WH02-510-2017 480X5X90-1.0D Q235A","单件/张/根",6]
["管附件库","钢板卷制定型弯头","QJ/WH02-510-2017 480X5X90-1.0D Q235A","单件/张/根",6]
["管附件库","定型弯头 仿GB/T10752-2005 20#|377X4.5X85-ES","377X4.5X85-ES","单件/张/根",2]
["管附件库","焊接有缝钢管弯头|325X6.5X45-1.0D","325X6.5X45-1.0D","单件/张/根",4]
["管附件库","双相不锈钢定型弯头 GB/T21833-2008 S25073|30X2X90-1.5D","30X2X90-1.5D","单件/张/根",1]
["管附件库","双相不锈钢定型弯头 GB/T21833-2008 S25073|30X2X90-1.5D","30X2X90-1.5D","单件/张/根",1]
["管附件库","双相不锈钢定型弯头 GB/T21833-2008 S25073|30X2X90-1.5D","30X2X90-1.5D","单件/张/根",1]
["管附件库","双相不锈钢定型弯头 GB/T21833-2008 S25073|30X2X90-1.5D","30X2X90-1.5D","单件/张/根",1]
["管附件库","不锈钢定型弯头 GB/T14976-94 316L(高铬高镍高钼)|89X5X60-1.0D","89X5X60-1.0D","单件/张/根",4]
["管附件库","不锈钢定型弯头 GB/T14976-94 316L(高铬高镍高钼)|22X2X90-1.5D","22X2X90-1.5D","单件/张/根",1]
["管附件库","不锈钢定型弯头 GB/T14976-94 316L(高铬高镍高钼)|22X2X90-1.5D","22X2X90-1.5D","单件/张/根",1]
["管附件库","不锈钢定型弯头 GB/T14976-94 316L(高铬高镍高钼)|22X2X90-1.5D","22X2X90-1.5D","单件/张/根",1]
["管附件库","不锈钢定型弯头 GB/T14976-94 316L(高铬高镍高钼)|22X2X90-1.5D","22X2X90-1.5D","单件/张/根",4]
["管附件库","不锈钢定型弯头 GB/T14976-94 316L(高铬高镍高钼)|22X2X90-1.5D","22X2X90-1.5D","单件/张/根",1]
["管附件库","不锈钢定型弯头 GB/T14976-94 316L(高铬高镍高钼)|42X3X90-1.0D","42X3X90-1.0D","单件/张/根",5]
["管附件库","不锈钢定型弯头 GB/T14976-94 316L(高铬高镍高钼)|42X3X90-1.0D","42X3X90-1.0D","单件/张/根",5]
["管附件库","不锈钢定型弯头 GB/T14976-94 316L(高铬高镍高钼)|42X3X90-1.0D","42X3X90-1.0D","单件/张/根",5]
["管附件库","不锈钢定型弯头 GB/T14976-94 316L(高铬高镍高钼)|42X3X90-1.0D","42X3X90-1.0D","单件/张/根",5]
["管附件库","不锈钢定型弯头 GB/T14976-94 316L(高铬高镍高钼)|42X3X90-1.0D","42X3X90-1.0D","单件/张/根",5]
["管附件库","加厚单面座板（L=50）  AS10025  仿GB/T11693-2008  Q235-A","加厚单面座板（L=50）  AS10025  仿GB/T11693-2008  Q235-A","单件/张/根",8]
["管附件库","单面座板  仿AS6040  GB/T11693-2008  铝合金","仿AS6040  GB/T11693-2008","单件/张/根",2]
["管附件库","单面座板 仿GB/T11693-2008","AS6015G Q235A","单件/张/根",2]
["管附件库","双面座板 仿BS10050 GB/T11693-2008  铝合金","仿BS10050 GB/T11693-2008","单件/张/根",2]
["管附件库","单面座板 仿GB/T11693-2008","AS10015 Q235-A","单件/张/根",1]
["管附件库","单面座板 仿GB/T11693-2008","AS10015 Q235-A","单件/张/根",1]
["管附件库","加厚单面座板（L=50）  AS10065  仿GB/T11693-2008  Q235-A","加厚单面座板（L=50）  AS10065  仿GB/T11693-2008  Q235-A","单件/张/根",1]
["管附件库","双面座板 GB/T11693-2008 Q235A|BS16025G加厚（L=80）","BS16025G加厚（L=80）","单件/张/根",3]
["管附件库","加厚单面座板 AS6065(T=50) GB/T11693-2008 Q235A","AS6065(T=50)","单件/张/根",1]
["管附件库","加厚单面座板 仿GB/T11693-2008 Q235A|AS6065G b=60","AS6065G b=60","单件/张/根",1]
["管附件库","单面座板 GB/T11693-2008 S25073|A25025","A25025","单件/张/根",1]
["管附件库","单面座板 GB/T11693-2008 S25073|A25025","A25025","单件/张/根",1]
["管附件库","单面座板 GB/T11693-2008 S25073|A25025","A25025","单件/张/根",1]
["管附件库","加厚单面座板（L=50）  AS10100  仿GB/T11693-2008  Q235-A",null,"单件/张/根",4]
["管附件库","液压管方法兰 HT/F1G-15 A型 CCS","F1G-15 A型 CCS","单件/张/根",4]
["管附件库","液压管方法兰 HT/F1G-15 A型 CCS","F1G-15 A型 CCS","单件/张/根",2]
["管附件库","液压管方法兰 HT/F1G-15 B型 CCS","F1G-15 B型 CCS","单件/张/根",2]
["管附件库","液压管方法兰 HT/F1G-25 A型 CCS","F1G-25 A型 CCS","单件/张/根",10]
["管附件库","液压管方法兰 HT/F1G-25 B型 CCS","F1G-25 B型 CCS","单件/张/根",10]
["管附件库","三通SAE法兰（∅48*6）的法兰","HT/TFV-24-48*6","单件/张/根",2]
["管附件库","三通SAE法兰（∅48*6）的法兰","HT/TFV-24-48*6","单件/张/根",2]
["管附件库","三通SAE法兰（∅25*4）的法兰","HT/TFV-12-25*4","单件/张/根",1]
["管附件库","三通SAE法兰（∅25*4）的法兰","HT/TFV-12-25*4","单件/张/根",1]
["管附件库","套管 GB/T14976-94 316L(高铬高镍高钼)| 32X4.5X120","32X4.5X120","单件/张/根",2]
["管附件库","套管 GB/T14976-94 316L(高铬高镍高钼)| 32X4.5X120","32X4.5X120","单件/张/根",2]
["管附件库","套管 GB/T14976-94 316L(高铬高镍高钼)| 32X4.5X120","32X4.5X120","单件/张/根",2]
["管附件库","套管 GB/T14976-94 316L(高铬高镍高钼)| 32X4.5X120","32X4.5X120","单件/张/根",2]
["管附件库","套管 GB/T14976-94 316L(高铬高镍高钼)| 32X4.5X120","32X4.5X120","单件/张/根",3]
["管附件库","套管 GB/T14976-94 316L(高铬高镍高钼)| 38X4.5X120","38X4.5X120","单件/张/根",2]
["管附件库","套管 GB/T14976-94 316L(高铬高镍高钼)| 38X4.5X120","38X4.5X120","单件/张/根",2]
["管附件库","套管 GB/T14976-94 316L(高铬高镍高钼)| 38X4.5X120","38X4.5X120","单件/张/根",2]
["管附件库","套管 GB/T14976-94 316L(高铬高镍高钼)| 38X4.5X120","38X4.5X120","单件/张/根",2]
["管附件库","套管 GB/T14976-94 316L(高铬高镍高钼)| 38X4.5X120","38X4.5X120","单件/张/根",2]
["管附件库","套管 GB/T14976-94 316L(高铬高镍高钼)| 48X6X120","48X6X120","单件/张/根",2]
["管附件库","套管 GB/T14976-94 316L(高铬高镍高钼)| 48X6X120","48X6X120","单件/张/根",2]
["管附件库","套管 GB/T14976-94 316L(高铬高镍高钼)| 48X6X120","48X6X120","单件/张/根",2]
["管附件库","套管 GB/T14976-94 316L(高铬高镍高钼)| 48X6X120","48X6X120","单件/张/根",2]
["管附件库","套管 GB/T14976-94 316L(高铬高镍高钼)| 48X6X120","48X6X120","单件/张/根",2]
["管附件库","套管 GB/T14976-94 316L(高铬高镍高钼)| 57X6.5X120","57X6.5X120","单件/张/根",2]
["管附件库","套管 GB/T14976-94 316L(高铬高镍高钼)| 57X6.5X120","57X6.5X120","单件/张/根",2]
["管附件库","套管 GB/T14976-94 316L(高铬高镍高钼)| 57X6.5X120","57X6.5X120","单件/张/根",2]
["管附件库","套管 GB/T14976-94 316L(高铬高镍高钼)| 57X6.5X120","57X6.5X120","单件/张/根",2]
["管附件库","套管 GB/T14976-94 316L(高铬高镍高钼)| 57X6.5X120","57X6.5X120","单件/张/根",2]
["管附件库","套管 GB/T14976-94 316L(高铬高镍高钼)| 60X5X120","60X5X120","单件/张/根",2]
["管附件库","套管 GB/T14976-94 316L(高铬高镍高钼)| 60X5X120","60X5X120","单件/张/根",2]
["管附件库","套管 GB/T14976-94 316L(高铬高镍高钼)| 60X5X120","60X5X120","单件/张/根",2]
["管附件库","套管 GB/T14976-94 316L(高铬高镍高钼)| 60X5X120","60X5X120","单件/张/根",2]
["管附件库","套管 GB/T14976-94 316L(高铬高镍高钼)| 60X5X120","60X5X120","单件/张/根",1]
["管附件库","套管 GB/T14976-94 316L(高铬高镍高钼)| 60X5X120","60X5X120","单件/张/根",2]
["管附件库","套管 GB/T14976-94 316L(高铬高镍高钼)| 60X5X120","60X5X120","单件/张/根",1]
["管附件库","套管 GB/T14976-94 316L(高铬高镍高钼)| 76X7X120","76X7X120","单件/张/根",2]
["管附件库","套管 GB/T14976-94 316L(高铬高镍高钼)| 76X7X120","76X7X120","单件/张/根",2]
["管附件库","套管 GB/T14976-94 316L(高铬高镍高钼)| 76X7X120","76X7X120","单件/张/根",2]
["管附件库","套管 GB/T14976-94 316L(高铬高镍高钼)| 76X7X120","76X7X120","单件/张/根",2]
["管附件库","套管 GB/T14976-94 316L(高铬高镍高钼)| 76X7X120","76X7X120","单件/张/根",2]
["管附件库","套管 GB/T14976-94 316L(高铬高镍高钼)| 76X7X120","76X7X120","单件/张/根",2]
["管附件库","套管 GB/T14976-94 316L(高铬高镍高钼)| 76X7X120","76X7X120","单件/张/根",2]
["管附件库","套管 GB/T14976-94 316L(高铬高镍高钼)| 89X5.5X120","89X5.5X120","单件/张/根",3]
["管附件库","套管 GB/T14976-94 316L(高铬高镍高钼)| 89X5.5X120","89X5.5X120","单件/张/根",3]
["管附件库","套管 GB/T14976-94 316L(高铬高镍高钼)| 89X5.5X120","89X5.5X120","单件/张/根",3]
["管附件库","套管 GB/T14976-94 316L(高铬高镍高钼)| 89X5.5X120","89X5.5X120","单件/张/根",3]
["管附件库","套管 GB/T14976-94 316L(高铬高镍高钼)| 89X5.5X120","89X5.5X120","单件/张/根",3]
["管附件库","同心异径接头 WH510-2016 316L(高铬高镍高钼)| 48X3/42X3","48X3/42X3","单件/张/根",1]
["管附件库","同心异径接头 WH510-2016 S25073| 114X4/76X3","114X4/76X3","单件/张/根",1]
["管附件库","同心异径接头 WH510-2016 S25073| 89X3/57X3","89X3/57X3","单件/张/根",2]
["管附件库","同心异径接头 WH510-2016 S25073| 89X3/57X3","89X3/57X3","单件/张/根",2]
["管附件库","同心异径接头 WH510-2016 S25073| 89X3/57X3","89X3/57X3","单件/张/根",3]
["管附件库","同心异径接头 WH510-2016 S25073| 89X3/57X3","89X3/57X3","单件/张/根",3]
["管附件库","搭焊钢法兰 GB/T14976-94 316L(高铬高镍高钼)| 10065 CBT46-2007","10065 CBT46-2007","单件/张/根",2]
["管附件库","搭焊钢法兰 GB/T14976-94 316L(高铬高镍高钼)| 10065 CBT46-2007","10065 CBT46-2007","单件/张/根",4]
["管附件库","双相不锈钢管搭焊法兰 GB/T14976-94 S25073| 16050 CBT46-2007","16050 CBT46-2007","单件/张/根",2]
["管附件库","双相不锈钢法兰 GB2506-89 S25073|10025",10025,"单件/张/根",2]
["管附件库","双相不锈钢法兰 GB2506-89 S25073|10025",10025,"单件/张/根",1]
["管附件库","双相不锈钢法兰 GB2506-89 S25073|10025",10025,"单件/张/根",3]
["管附件库","双相不锈钢法兰 GB2506-89 S25073|10025",10025,"单件/张/根",3]
["管附件库","双相不锈钢法兰 GB2506-89 S25073|10025",10025,"单件/张/根",1]
["管附件库","双相不锈钢法兰 GB2506-89 S25073|10025",10025,"单件/张/根",1]
["管附件库","双相不锈钢法兰 GB2506-89 S25073|10025",10025,"单件/张/根",3]
["管附件库","不锈钢搭焊法兰 GB2506-2005 S25073|16040",16040,"单件/张/根",3]
["管附件库","不锈钢搭焊法兰 GB2506-2005 S25073|16040",16040,"单件/张/根",3]
["管附件库","不锈钢搭焊法兰 GB2506-2005 S25073|16040",16040,"单件/张/根",3]
["管附件库","不锈钢搭焊法兰 GB2506-2005 S25073|16040",16040,"单件/张/根",3]
["管附件库","不锈钢搭焊法兰 GB2506-2005 S25073|16040",16040,"单件/张/根",3]
["管附件库","不锈钢对焊法兰","ASME B16.5 168X3 AISI316L MO≥2.5   CCS-I","单件/张/根",2]
["管附件库","不锈钢对焊法兰","ASME B16.5 DN250-150磅 273X9.5 AISI316L MO≥2.5 CCS-I","单件/张/根",3]
["管附件库","定型弯头 WH510-2016 316L(高铬高镍高钼)| 60X3X45-1.0D","60X3X45-1.0D","单件/张/根",2]
["管附件库","定型弯头 WH510-2016 316L(高铬高镍高钼)| 60X3X45-1.0D","60X3X45-1.0D","单件/张/根",2]
["管附件库","定型弯头 WH510-2016 316L(高铬高镍高钼)| 60X3X45-1.0D","60X3X45-1.0D","单件/张/根",2]
["管附件库","定型弯头 WH510-2016 316L(高铬高镍高钼)| 48X3.0X90-1.0D","48X3.0X90-1.0D","单件/张/根",2]
["管附件库","定型弯头 WH510-2016 316L(高铬高镍高钼)| 48X3.0X90-1.0D","48X3.0X90-1.0D","单件/张/根",4]
["管附件库","定型弯头 WH510-2016 316L(高铬高镍高钼)| 48X3.0X90-1.0D","48X3.0X90-1.0D","单件/张/根",5]
["管附件库","定型弯头 WH510-2016 316L(高铬高镍高钼)| 48X3.0X90-1.0D","48X3.0X90-1.0D","单件/张/根",2]
["管附件库","定型弯头 WH510-2016 316L(高铬高镍高钼)| 48X3.0X90-1.0D","48X3.0X90-1.0D","单件/张/根",5]
["管附件库","定型弯头 WH510-2016 316L(高铬高镍高钼)| 48X3.0X90-1.0D","48X3.0X90-1.0D","单件/张/根",2]
["管附件库","定型弯头 WH510-2016 316L(高铬高镍高钼)| 48X3.0X90-1.0D","48X3.0X90-1.0D","单件/张/根",5]
["管附件库","定型弯头 WH510-2016 316L(高铬高镍高钼)| 48X3.0X90-1.0D","48X3.0X90-1.0D","单件/张/根",5]
["管附件库","定型弯头 WH510-2016 S25073| 38X2X90-1.0D","38X2X90-1.0D","单件/张/根",1]
["管附件库","定型弯头 WH510-2016 S25073| 38X2X90-1.0D","38X2X90-1.0D","单件/张/根",1]
["管附件库","定型弯头 WH510-2016 S25073| 38X2X90-1.0D","38X2X90-1.0D","单件/张/根",1]
["管附件库","定型弯头 WH510-2016 S25073| 38X2X90-1.0D","38X2X90-1.0D","单件/张/根",1]
["管附件库","定型弯头 WH510-2016 S25073| 38X2X90-1.0D","38X2X90-1.0D","单件/张/根",1]
["管附件库","不锈钢定型弯头 GB/T14976-94 316L(高铬高镍高钼)|60X3X60-1.5D","60X3X60-1.5D","单件/张/根",2]
["管附件库","定型弯头  273x6x45-1.0D    HDR","273x6x45-1.0D    HDR","单件/张/根",2]
["管附件库","定型弯头  273x6x45-1.0D    HDR","273x6x45-1.0D    HDR","单件/张/根",2]
["管附件库","定型弯头","WH510-2016 S25073| 114X4X30-1.5D","单件/张/根",1]
["管附件库","定型弯头","WH510-2016 S25073| 114X4X30-1.5D","单件/张/根",1]
["管附件库","钢管定型弯头 QJ/WH02-510-2016 20#|89X4.5X30-1.5D CCS-II","89X4.5X30-1.5D CCS-II","单件/张/根",1]
["管附件库","钢管定型弯头 QJ/WH02-510-2016 20#|114X5X30-1.5D CCS-II","114X5X30-1.5D CCS-II","单件/张/根",3]
["管附件库","钢管定型弯头 QJ/WH02-510-2016 20#|76X4.5X90-1.5D CCS-II","76X4.5X90-1.5D CCS-II","单件/张/根",11]
["管附件库","钢管定型弯头 QJ/WH02-510-2016 20#|76X4.5X30-1.0D","76X4.5X30-1.0D","单件/张/根",1]
["管附件库","钢管定型弯头 QJ/WH02-510-2016 20#|89X4.5X30-1.0D","89X4.5X30-1.0D","单件/张/根",2]
["管附件库","钢管定型弯头 QJ/WH02-510-2016 20#|114X9X30-1.0D","114X9X30-1.0D","单件/张/根",1]
["管附件库","钢管定型弯头 QJ/WH02-510-2016 20#|114X4.5X45-1.0D","114X4.5X45-1.0D","单件/张/根",1]
["管附件库","钢管定型弯头 QJ/WH02-510-2016 20#|140X10X45-1.0D","140X10X45-1.0D","单件/张/根",2]
["管附件库","钢管定型弯头 QJ/WH02-510-2016 20#|168X5X45-1.0D","168X5X45-1.0D","单件/张/根",2]
["管附件库","钢管定型弯头 QJ/WH02-510-2016 20#|168X9X45-1.0D","168X9X45-1.0D","单件/张/根",1]
["管附件库","钢管定型弯头 QJ/WH02-510-2016 20#|219X9X45-1.0D","219X9X45-1.0D","单件/张/根",1]
["管附件库","钢管定型弯头 QJ/WH02-510-2016 20#|89X4.5X60-1.0D","89X4.5X60-1.0D","单件/张/根",1]
["管附件库","钢管定型弯头 QJ/WH02-510-2016 20#|140X10X60-1.0D","140X10X60-1.0D","单件/张/根",10]
["管附件库","钢管定型弯头 QJ/WH02-510-2016 20#|48X4X90-1.0D","48X4X90-1.0D","单件/张/根",1]
["管附件库","钢管定型弯头 QJ/WH02-510-2016 20#|60X6.5X90-1.0D","60X6.5X90-1.0D","单件/张/根",2]
["管附件库","钢管定型弯头 QJ/WH02-510-2016 20#|89X3.5X90-1.0D","89X3.5X90-1.0D","单件/张/根",2]
["管附件库","钢管定型弯头 QJ/WH02-510-2016 20#|140X10X90-1.0D","140X10X90-1.0D","单件/张/根",41]
["管附件库","钢管定型弯头 QJ/WH02-510-2016 20#|168X9X90-1.0D","168X9X90-1.0D","单件/张/根",2]
["管附件库","钢管定型弯头 QJ/WH02-510-2016 20#|219X13X90-1.0D","219X13X90-1.0D","单件/张/根",11]
["管附件库","钢管定型弯头 QJ/WH02-510-2016 20#|48X4.5X30-1.5D","48X4.5X30-1.5D","单件/张/根",2]
["管附件库","钢管定型弯头 QJ/WH02-510-2016 20#|76X3X30-1.5D","76X3X30-1.5D","单件/张/根",4]
["管附件库","钢管定型弯头 QJ/WH02-510-2016 20#|76X4.5X30-1.5D","76X4.5X30-1.5D","单件/张/根",2]
["管附件库","钢管定型弯头 QJ/WH02-510-2016 20#|89X8X30-1.5D","89X8X30-1.5D","单件/张/根",2]
["管附件库","钢管定型弯头 QJ/WH02-510-2016 20#|114X6.5X30-1.5D","114X6.5X30-1.5D","单件/张/根",3]
["管附件库","钢管定型弯头 QJ/WH02-510-2016 20#|140X10X30-1.5D","140X10X30-1.5D","单件/张/根",3]
["管附件库","钢管定型弯头 QJ/WH02-510-2016 20#|76X7.5X45-1.5D","76X7.5X45-1.5D","单件/张/根",5]
["管附件库","钢管定型弯头 QJ/WH02-510-2016 20#|89X4.5X45-1.5D","89X4.5X45-1.5D","单件/张/根",1]
["管附件库","钢管定型弯头 QJ/WH02-510-2016 20#|89X8X45-1.5D","89X8X45-1.5D","单件/张/根",8]
["管附件库","钢管定型弯头 QJ/WH02-510-2016 20#|114X9X45-1.5D","114X9X45-1.5D","单件/张/根",2]
["管附件库","钢管定型弯头 QJ/WH02-510-2016 20#|219X9X45-1.5D","219X9X45-1.5D","单件/张/根",2]
["管附件库","钢管定型弯头 QJ/WH02-510-2016 20#|42X4.5X60-1.5D","42X4.5X60-1.5D","单件/张/根",4]
["管附件库","钢管定型弯头 QJ/WH02-510-2016 20#|48X4X60-1.5D","48X4X60-1.5D","单件/张/根",2]
["管附件库","钢管定型弯头 QJ/WH02-510-2016 20#|60X4.5X60-1.5D","60X4.5X60-1.5D","单件/张/根",3]
["管附件库","钢管定型弯头 QJ/WH02-510-2016 20#|76X4.5X60-1.5D","76X4.5X60-1.5D","单件/张/根",1]
["管附件库","钢管定型弯头 QJ/WH02-510-2016 20#|114X8X60-1.5D","114X8X60-1.5D","单件/张/根",1]
["管附件库","钢管定型弯头 QJ/WH02-510-2016 20#|114X9X60-1.5D","114X9X60-1.5D","单件/张/根",7]
["管附件库","钢管定型弯头 QJ/WH02-510-2016 20#|60X6X90-1.5D","60X6X90-1.5D","单件/张/根",15]
["管附件库","钢管定型弯头 QJ/WH02-510-2016 20#|76X7.5X90-1.5D","76X7.5X90-1.5D","单件/张/根",2]
["管附件库","钢管定型弯头 QJ/WH02-510-2016 20#|114X6.5X90-1.5D","114X6.5X90-1.5D","单件/张/根",32]
["管附件库","钢管定型弯头 QJ/WH02-510-2016 20#|114X4.5X90-1.5D BV-II","114X4.5X90-1.5D BV-II","单件/张/根",4]
["管附件库","钢管定型弯头 QJ/WH02-510-2016 20#|76X7X30-1.5D CCS-II","76X7X30-1.5D CCS-II","单件/张/根",2]
["管附件库","钢管定型弯头 QJ/WH02-510-2016 20#|114X9X90-1.5D DNVGL-II","114X9X90-1.5D DNVGL-II","单件/张/根",2]
["管附件库","钢管定型弯头 QJ/WH02-510-2016 20#|89X4.5X90-1.0D DNVGL-II","89X4.5X90-1.0D DNVGL-II","单件/张/根",1]
["管附件库","钢管定型弯头 QJ/WH02-510-2016 20#|273X10X30-1.0D","273X10X30-1.0D","单件/张/根",9]
["管附件库","钢管定型弯头 QJ/WH02-510-2016 20#|273X10X90-1.0D","273X10X90-1.0D","单件/张/根",5]
["管附件库","钢管定型弯头 QJ/WH02-510-2016 20#|114X9X45-1.5D DNVGL-II","114X9X45-1.5D DNVGL-II","单件/张/根",3]
["管附件库","钢管定型弯头 QJ/WH02-510-2016 20#|273X13X90-1.0D","273X13X90-1.0D","单件/张/根",6]
["管附件库","钢管定型弯头 QJ/WH02-510-2016 20#|273X13X30-1.0D","273X13X30-1.0D","单件/张/根",1]
["管附件库","钢管定型弯头 QJ/WH02-510-2016 20#|60X5X90-1.0D","60X5X90-1.0D","单件/张/根",1]
["管附件库","钢管定型弯头 QJ/WH02-510-2016 20#|325X13X45-1.0D","325X13X45-1.0D","单件/张/根",2]
["管附件库","不锈钢定型弯头 QJ/WH02-510-2016 AISI316L|60X2.8X90-1.5D","60X2.8X90-1.5D","单件/张/根",16]
["管附件库","不锈钢定型弯头 QJ/WH02-510-2016 AISI316L|89X3X45-1.0D","89X3X45-1.0D","单件/张/根",2]
["管附件库","不锈钢定型弯头 QJ/WH02-510-2016 AISI316L|60X2.8X60-1.5D","60X2.8X60-1.5D","单件/张/根",2]
["管附件库","不锈钢定型弯头 QJ/WH02-510-2016 SUS304|60X3X45-1.5D","60X3X45-1.5D","单件/张/根",2]
["管附件库","不锈钢定型弯头 QJ/WH02-510-2016 SUS304L|42X3X90-1.5D","42X3X90-1.5D","单件/张/根",6]
["管附件库","不锈钢定型弯头 QJ/WH02-510-2016 SUS304L|34X3-90-1.0D","34X3-90-1.0D","单件/张/根",5]
["管附件库","不锈钢定型弯头 QJ/WH02-510-2016 SUS316|60X3X30-1.0D","60X3X30-1.0D","单件/张/根",2]
["管附件库","不锈钢定型弯头 QJ/WH02-510-2016 SUS316|114X3X90-1.0D CCS-I","114X3X90-1.0D CCS-I","单件/张/根",11]
["管附件库","不锈钢定型弯头 QJ/WH02-510-2016 SUS316L|76X3X45-1.5D","76X3X45-1.5D","单件/张/根",2]
["管附件库","不锈钢定型弯头 QJ/WH02-510-2016 SUS316L|27X2.5X90-1.5D","27X2.5X90-1.5D","单件/张/根",4]
["管附件库","搭焊钢法兰 GB/T2506-2005 Q235A|6065 BV-II","6065 BV-II","单件/张/根",37]
["管附件库","搭焊钢法兰 GB/T2506-2005 Q235A|16025 BV-II","16025 BV-II","单件/张/根",23]
["管附件库","搭焊钢法兰 GB/T2506-2005 Q235A|16100 BV-II","16100 BV-II","单件/张/根",8]
["管附件库","搭焊钢法兰 GB/T2506-2005 Q235A|16250 BV-II","16250 BV-II","单件/张/根",27]
["管附件库","搭焊钢法兰 GB/T2506-2005 Q235A|6020 CCS-II","6020 CCS-II","单件/张/根",8]
["管附件库","搭焊钢法兰 GB/T2506-2005 Q235A|6025 CCS-II","6025 CCS-II","单件/张/根",5]
["管附件库","搭焊钢法兰 GB/T2506-2005 Q235A|6050 CCS-II","6050 CCS-II","单件/张/根",1]
["管附件库","搭焊钢法兰 GB/T2506-2005 Q235A|6200 CCS-II","6200 CCS-II","单件/张/根",1]
["管附件库","搭焊钢法兰 GB/T2506-2005 Q235A|10032 CCS-II","10032 CCS-II","单件/张/根",12]
["管附件库","搭焊钢法兰 GB/T2506-2005 Q235A|10040 CCS-II","10040 CCS-II","单件/张/根",14]
["管附件库","搭焊钢法兰 GB/T2506-2005 Q235A|10050 CCS-II","10050 CCS-II","单件/张/根",4]
["管附件库","搭焊钢法兰 GB/T2506-2005 Q235A|10065 CCS-II","10065 CCS-II","单件/张/根",4]
["管附件库","搭焊钢法兰 GB/T2506-2005 Q235A|10080 CCS-II","10080 CCS-II","单件/张/根",32]
["管附件库","搭焊钢法兰 GB/T2506-2005 Q235A|10100 CCS-II","10100 CCS-II","单件/张/根",4]
["管附件库","搭焊钢法兰 GB/T2506-2005 Q235A|10150 CCS-II","10150 CCS-II","单件/张/根",3]
["管附件库","搭焊钢法兰 GB/T2506-2005 Q235A|10250 CCS-II","10250 CCS-II","单件/张/根",5]
["管附件库","搭焊钢法兰 GB/T2506-2005 Q235A|16015 CCS-II","16015 CCS-II","单件/张/根",15]
["管附件库","搭焊钢法兰 GB/T2506-2005 Q235A|16025 CCS-II","16025 CCS-II","单件/张/根",16]
["管附件库","搭焊钢法兰 GB/T2506-2005 Q235A|16032 CCS-II","16032 CCS-II","单件/张/根",8]
["管附件库","搭焊钢法兰 GB/T2506-2005 Q235A|16040 CCS-II","16040 CCS-II","单件/张/根",19]
["管附件库","搭焊钢法兰 GB/T2506-2005 Q235A|16150 CCS-II","16150 CCS-II","单件/张/根",2]
["管附件库","搭焊钢法兰 GB/T2506-2005 Q235A|16200 CCS-II","16200 CCS-II","单件/张/根",1]
["管附件库","搭焊钢法兰 GB/T2506-2005 Q235A|6150 CCS","6150 CCS","单件/张/根",16]
["管附件库","搭焊钢法兰 GB/T2506-2005 Q235A|10125 CCS","10125 CCS","单件/张/根",2]
["管附件库","搭焊钢法兰 GB/T2506-2005 Q235A|10065 DNV-II","10065 DNV-II","单件/张/根",2]
["管附件库","搭焊钢法兰 GB/T2506-2005 Q235A|6010",6010,"单件/张/根",66]
["管附件库","搭焊钢法兰 GB/T2506-2005 Q235A|10150",10150,"单件/张/根",10]
["管附件库","搭焊钢法兰 GB/T2506-2005 Q235A|16040",16040,"单件/张/根",2]
["管附件库","搭焊钢法兰 GB/T2506-2005 Q235A|16080 DNVGL-II","16080 DNVGL-II","单件/张/根",5]
["管附件库","搭焊钢法兰 GB/T2506-2005 Q235A|6040 DNVGL-II","6040 DNVGL-II","单件/张/根",1]
["管附件库","搭焊钢法兰 GB/T2506-2005 Q235A|10300 DNVGL-II","10300 DNVGL-II","单件/张/根",1]
["管附件库","搭焊钢法兰 GB/T2506-2005 Q235A|10025 DNVGL-II","10025 DNVGL-II","单件/张/根",7]
["管附件库","搭焊钢法兰 GB/T2506-2005 Q235A|10032 DNVGL-II","10032 DNVGL-II","单件/张/根",9]
["管附件库","搭焊钢法兰 GB/T2506-2005 Q235A|10050 DNVGL-II","10050 DNVGL-II","单件/张/根",22]
["管附件库","搭焊钢法兰 GB/T2506-2005 Q235A|10065 DNVGL-II","10065 DNVGL-II","单件/张/根",12]
["管附件库","搭焊钢法兰 GB/T2506-2005 Q235A|10080 DNVGL-II","10080 DNVGL-II","单件/张/根",2]
["管附件库","搭焊钢法兰 GB/T2506-2005 Q235A|16125 DNVGL-II","16125 DNVGL-II","单件/张/根",4]
["管附件库","搭焊钢法兰 GB/T2506-2005 AISI316L|16015",16015,"单件/张/根",3]
["管附件库","搭焊钢法兰 GB/T2506-2005 AISI316L|16050",16050,"单件/张/根",39]
["管附件库","搭焊钢法兰 GB/T2506-2005 SUS304|6015",6015,"单件/张/根",1]
["管附件库","搭焊钢法兰 GB/T2506-2005 SUS304|6080",6080,"单件/张/根",16]
["管附件库","搭焊钢法兰 GB/T2506-2005 SUS304|10015",10015,"单件/张/根",2]
["管附件库","搭焊钢法兰 GB/T2506-2005 SUS304|10040",10040,"单件/张/根",10]
["管附件库","搭焊钢法兰 GB/T2506-2005 SUS304|10065",10065,"单件/张/根",2]
["管附件库","搭焊钢法兰 GB/T2506-2005 SUS304|10100",10100,"单件/张/根",10]
["管附件库","搭焊钢法兰 GB/T2506-2005 SUS304L|6015",6015,"单件/张/根",2]
["管附件库","搭焊钢法兰 GB/T2506-2005 SUS316|6050",6050,"单件/张/根",1]
["管附件库","搭焊钢法兰 GB/T2506-2005 SUS316|10010",10010,"单件/张/根",6]
["管附件库","搭焊钢法兰 GB/T2506-2005 SUS316|10020",10020,"单件/张/根",12]
["管附件库","搭焊钢法兰 GB/T2506-2005 SUS316L|6065",6065,"单件/张/根",24]
["管附件库","搭焊钢法兰 GB/T2506-2005 SUS316L|6080",6080,"单件/张/根",1]
["管附件库","搭焊钢法兰 GB/T2506-2005 SUS316L|10025",10025,"单件/张/根",22]
["管附件库","搭焊钢法兰 GB/T2506-2005 SUS316L|10032",10032,"单件/张/根",3]
["管附件库","搭焊钢法兰 GB/T2506-2005 SUS316L|10040",10040,"单件/张/根",1]
["管附件库","搭焊钢法兰 GB/T2506-2005 SUS316L|10050",10050,"单件/张/根",10]
["管附件库","搭焊钢法兰 GB/T2506-2005 SUS316L|10065",10065,"单件/张/根",17]
["管附件库","搭焊钢法兰 GB/T2506-2005 SUS316L|10080",10080,"单件/张/根",2]
["管附件库","搭焊钢法兰 GB/T2506-2005 SUS316L|16015",16015,"单件/张/根",6]
["管附件库","搭焊钢法兰 GB/T2506-2005 S22553|6020",6020,"单件/张/根",41]
["管附件库","搭焊钢法兰 GB/T2506-2005 S22553|6040",6040,"单件/张/根",49]
["管附件库","搭焊钢法兰 GB/T2506-2005 S22553|6065",6065,"单件/张/根",39]
["管附件库","搭焊钢法兰 GB/T2506-2005 S22553|6125",6125,"单件/张/根",10]
["管附件库","对焊钢法兰 GB10746-89 Q235A|25015-22X3.5 CCS-II","25015-22X3.5 CCS-II","单件/张/根",1]
["管附件库","对焊钢法兰 GB10746-89 Q255A|A40032-42X4.5 CCS-II","A40032-42X4.5 CCS-II","单件/张/根",1]
["管附件库","对焊钢法兰 GB10746-89 Q255A|B64025-34X4 CCS-II","B64025-34X4 CCS-II","单件/张/根",2]
["管附件库","搭焊钢法兰 CBM1012-81 25#|5032",5032,"单件/张/根",27]
["管附件库","搭焊钢法兰 CBM1012-81 25#|5065",5065,"单件/张/根",2]
["管附件库","搭焊钢法兰 CBM1012-81 SUS304|5050",5050,"单件/张/根",4]
["管附件库","搭焊钢法兰 CBM1013-81 25#|10015",10015,"单件/张/根",2]
["管附件库","搭焊钢法兰 CBM1013-81 25#|10025",10025,"单件/张/根",3]
["管附件库","搭焊钢法兰 CBM1013-81 25#|10032",10032,"单件/张/根",12]
["管附件库","搭焊钢法兰 CBM1013-81 25#|10125",10125,"单件/张/根",2]
["管附件库","搭焊钢法兰 CBM1013-81 SUS316|10015",10015,"单件/张/根",12]
["管附件库","排气管法兰 CB/T3766-2014 Q235A|AS400","AS400","单件/张/根",4]
["管附件库","排气管法兰 CB/T3766-2014 Q235A|AS65","AS65","单件/张/根",6]
["管附件库","对焊钢法兰 GB2504-89 铸钢|10050-60X4.5 DNVGL-II","10050-60X4.5 DNVGL-II","单件/张/根",2]
["管附件库","单面座板 GB/T11693-2008 Q235A|AS25020G","AS25020G","单件/张/根",1]
["管附件库","单面座板 GB/T11693-2008 Q235A|AS25040G","AS25040G","单件/张/根",3]
["管附件库","单面座板 GB/T11693-2008 Q235A|AS25050G","AS25050G","单件/张/根",3]
["管附件库","单面座板 GB/T11693-2008 Q235A|AS6020G","AS6020G","单件/张/根",1]
["管附件库","单面座板 GB/T11693-2008 Q235A|AS6032G","AS6032G","单件/张/根",2]
["管附件库","单面座板 GB/T11693-2008 Q235A|AS6080G","AS6080G","单件/张/根",3]
["管附件库","单面座板 GB/T11693-2008 Q235A|AS6100G","AS6100G","单件/张/根",1]
["管附件库","单面座板 GB/T11693-2008 Q235A|AS10040G","AS10040G","单件/张/根",2]
["管附件库","单面座板 GB/T11693-2008 Q235A|AS10080G","AS10080G","单件/张/根",1]
["管附件库","单面座板 GB/T11693-2008 AISI316L|AS10020N","AS10020N","单件/张/根",1]
["管附件库","同心异径接头 QJ/WH02-510-2016 20#|89X4.5/48X4.5 CCS-II","89X4.5/48X4.5 CCS-II","单件/张/根",2]
["管附件库","同心异径接头 QJ/WH02-510-2016 20#|89X4.5/60X4.5 CCS-II","89X4.5/60X4.5 CCS-II","单件/张/根",7]
["管附件库","同心异径接头 QJ/WH02-510-2016 20#|42X3/27X2.5","42X3/27X2.5","单件/张/根",1]
["管附件库","同心异径接头 QJ/WH02-510-2016 20#|48X3/42X3","48X3/42X3","单件/张/根",1]
["管附件库","同心异径接头 QJ/WH02-510-2016 20#|48X4.5/27X3.5","48X4.5/27X3.5","单件/张/根",2]
["管附件库","同心异径接头 QJ/WH02-510-2016 20#|114X4.5/89X3.5","114X4.5/89X3.5","单件/张/根",2]
["管附件库","同心异径接头 QJ/WH02-510-2016 20#|114X4.5/89X4.5","114X4.5/89X4.5","单件/张/根",1]
["管附件库","同心异径接头 QJ/WH02-510-2016 20#|140X6.5/76X4.5","140X6.5/76X4.5","单件/张/根",1]
["管附件库","同心异径接头 QJ/WH02-510-2016 20#|219X8.5/168X7.5","219X8.5/168X7.5","单件/张/根",6]
["管附件库","同心异径接头 QJ/WH02-510-2016 20#|34X4.5/22X3.5","34X4.5/22X3.5","单件/张/根",2]
["管附件库","同心异径接头 QJ/WH02-510-2016 20#|34X4/27X4","34X4/27X4","单件/张/根",1]
["管附件库","同心异径接头 QJ/WH02-510-2016 20#|76X5.5/34X3.5","76X5.5/34X3.5","单件/张/根",2]
["管附件库","同心异径接头 QJ/WH02-510-2016 20#|89X4.5/42X4.5","89X4.5/42X4.5","单件/张/根",2]
["管附件库","同心异径接头 QJ/WH02-510-2016 20#|219X13/140X9.5","219X13/140X9.5","单件/张/根",2]
["管附件库","同心异径接头 QJ/WH02-510-2016 20#|114X9/89X8","114X9/89X8","单件/张/根",1]
["管附件库","同心异径接头 QJ/WH02-510-2016 20#|114X6/76X4.5 CCS-II","114X6/76X4.5 CCS-II","单件/张/根",4]
["管附件库","同心异径接头 QJ/WH02-510-2016 20#|168X12/140X10","168X12/140X10","单件/张/根",2]
["管附件库","同心异径接头 QJ/WH02-510-2016 20#|48X5/34X4","48X5/34X4","单件/张/根",4]
["管附件库","同心异径接头 QJ/WH02-510-2016 1Cr18Ni9Ti|76X4/42X4","76X4/42X4","单件/张/根",2]
["管附件库","同心异径接头 QJ/WH02-510-2016 AISI316L|60X2.8/48X2.8","60X2.8/48X2.8","单件/张/根",8]
["管附件库","同心异径接头 QJ/WH02-510-2016 SUS304|48X3/42X3","48X3/42X3","单件/张/根",1]
["管附件库","同心异径接头 QJ/WH02-510-2016 SUS316L|27X2.5/22X2.5","27X2.5/22X2.5","单件/张/根",3]
["管附件库","同心异径接头 QJ/WH02-510-2016 SUS316L|34X4/27X3","34X4/27X3","单件/张/根",4]
["管附件库","同心异径接头 QJ/WH02-510-2016 SUS316L|48X2.8/34X2.8","48X2.8/34X2.8","单件/张/根",1]
["管附件库","同心异径接头 QJ/WH02-510-2016 SUS316L|76X5/60X5","76X5/60X5","单件/张/根",2]
["管附件库","同心异径接头 GB/T10752-2005 20#|27X4/22X4 CCS-II","27X4/22X4 CCS-II","单件/张/根",1]
["管附件库","螺纹接头焊接座 CB*53-80 A3|CG1/4寸G","CG1/4寸G","单件/张/根",8]
["管附件库","螺纹接头焊接座 CB*53-80 1Cr18Ni9Ti|BM24X2N","BM24X2N","单件/张/根",5]
["管附件库","螺纹接头焊接座 CB*53-80 AISI316L|FG1/2寸N","FG1/2寸N","单件/张/根",4]
["管附件库","螺纹接头焊接座 CB*53-80 SUS304L|FG1/2寸N","FG1/2寸N","单件/张/根",2]
[null,"合计：",null,null,2143]

{"sheet":"账内焊材库龄一年半以上销售清单","index":1,"n_rows":22,"n_cols":5,"rows_kept":22,"flags":["formulas_cached_only"]}
[null,"账内焊材库龄一年半以上销售清单"]
["库房名称","物资名称","规格","管理单位","管理数量(库存量)"]
["焊材库","不锈钢焊丝 GB/T14976-94 S25073| Φ2","Φ2","千克",50]
["焊材库","不锈钢焊丝 GB/T14976-94 S25073| Φ2","Φ2","千克",50]
["焊材库","铜焊条","----","千克",30]
["焊材库","焊锡丝",null,"巻",5]
["焊材库","双相不锈钢焊条 GB/T14976-94 S25073| Φ3.2","Φ3.2","千克",40]
["焊材库","焊剂碳钢SAW埋弧焊JP-SJ301","JP-SJ301","千克",425]
["焊材库","焊材 铝合金 MIG熔化极惰性气体保护焊 ER5356 Φ1.2","ER5356|Φ1.2","千克",1499]
["焊材库","焊材 铝合金 MIG熔化极惰性气体保护焊 ER5183 Φ1.0","ER5183|Φ1.0","千克",34]
["焊材库","焊材 碳钢 FCAW药芯气保焊 907A Φ1.0","907A|Φ1.0","千克",7045]
["焊材库","焊材碳钢SAW埋弧焊CHW-S3|Φ2.5","CHW-S3|Φ2.5","千克",700]
["焊材库","焊材 碳钢 SAW埋弧焊 907 Φ4.0","907|Φ4.0","千克",640]
["焊材库","焊材 碳钢 SAW埋弧焊 907 Φ2.0","907|Φ2.0","千克",2220]
["焊材库","焊材 碳钢 SAW埋弧焊 907 Φ3.0","907|Φ3.0","千克",1300]
["焊材库","焊材碳钢SMAW手工焊条焊907A/TH907A|Φ4","907A/TH907A|Φ4.0","千克",25]
["焊材库","焊材 碳钢 SMAW手工焊条焊 707 Φ4.0","707 Φ4.0","千克",5]
["焊材库","焊材 碳钢 SMAW手工焊条焊 907A/TH907A Φ2.5","907A/TH907A|Φ2.5","千克",1910]
["焊材库","焊材 不锈钢 FCAW药芯气保焊 316L Φ2.5","316L|Φ2.5","千克",454.8]
["焊材库","焊材 不锈钢 FCAW药芯气保焊 304 Φ2.5","304|Φ2.5","千克",350]
["焊材库","焊材不锈钢TIG钨极氩弧焊316L|Φ2.5","316L|Φ2.5","千克",155]
[{"$nulls":4},16937.8]

{"sheet":"账外管材出售处置清单","index":2,"n_rows":352,"n_cols":8,"rows_kept":352,"merged":[[0,0,0,7],[1,0,2,0],[1,1,2,1],[1,2,2,2],[1,3,2,3],[1,4,2,4],[1,5,2,5],[1,6,2,6],[1,7,2,7]],"flags":["formulas_cached_only"]}
["账外管材出售处置清单"]
["对应仓库","物资名称","规格","管理\n单位","计价\n单位","管理\n数量","转换系数","计价\n数量"]
[]
["黑色金属库","无缝钢管 GB/T5312-2009 410|27X3.5","27X3.5","M","KG",12,2.028,24.336]
["黑色金属库","无缝钢管 GB/T5312-2009 410|17X2.5","17X2.5","M","KG",24,0.894,21.456]
["黑色金属库","无缝钢管 GB/T5312-2009 410|406X13","406X13","M","KG",18,125.996,2267.928]
["黑色金属库","无缝钢管 GB/T5312-2009 410|76X4","76X4","M","KG",12,7.103,85.236]
["黑色金属库","无缝钢管 GB/T5312-2009 410|457X25","457X25","M","KG",6.136,266.344,1634.286784]
["黑色金属库","无缝钢管 GB/T5312-2009 410|95X9","95X9","M","KG",6,19.088,114.528]
["黑色金属库","无缝钢管 GB/T5312-2009 410|50X10","50X10","M","KG",6,9.865,59.19]
["黑色金属库","无缝钢管 GB/T5312-2009 410|65X10","65X10","M","KG",6,13.564,81.384]
["黑色金属库","焊接钢管 GB/T3092-1993 Q235B|48X3.5","48X3.5","M","KG",12,3.841,46.092]
["黑色金属库","焊接钢管 GB/T3092-1993 Q235B|27X2","27X2","M","KG",12,1.233,14.796]
["黑色金属库","焊接钢管 GB/T3092-1993 Q235B|42X3.5","42X3.5","M","KG",6,3.23,19.38]
["黑色金属库","不锈钢无缝钢管 GB/T14976-94 1Cr18Ni9Ti|34X2.8","34X2.8","M","KG",6.02,2.176,13.09952]
["黑色金属库","不锈钢无缝钢管 GB/T14976-94 1Cr18Ni9Ti|48X2.8","48X2.8","M","KG",6.4,3.153,20.1792]
["黑色金属库","不锈钢无缝钢管 GB/T14976-94 1Cr18Ni9Ti|48X4","48X4","M","KG",6,4.385,26.31]
["黑色金属库","不锈钢无缝钢管 GB/T14976-94 1Cr18Ni9Ti|89X3","89X3","M","KG",18,6.428,115.704]
["黑色金属库","不锈钢无缝钢管 GB/T14976-94 1Cr18Ni9Ti|89X5.5","89X5.5","M","KG",6.1,11.441,69.7901]
["黑色金属库","不锈钢无缝钢管 GB/T14976-94 1Cr18Ni9Ti|140X7","140X7","M","KG",3.8,23.194,88.1372]
["黑色金属库","不锈钢无缝钢管 GB/T14976-94 1Cr18Ni9Ti|219X8.5","219X8.5","M","KG",5,44.575,222.875]
["黑色金属库","不锈钢无缝钢管 GB/T14976-94 1Cr18Ni9Ti|114X11","114X11","M","KG",7.29,28.226,205.76754]
["黑色金属库","不锈钢无缝钢管 GB/T14976-94 1Cr18Ni9Ti|140X12","140X12","M","KG",13.96,38.266,534.19336]
["黑色金属库","不锈钢无缝钢管 GB/T14976-94 1Cr18Ni9Ti|28X2","28X2","M","KG",6,1.295,7.77]
["黑色金属库","不锈钢无缝钢管 GB/T14976-94 1Cr18Ni9Ti|35X4","35X4","M","KG",4.57,3.089,14.11673]
["黑色金属库","不锈钢无缝钢管 GB/T14976-94 1Cr18Ni9Ti|60X5","60X5","M","KG",3.57,6.851,24.45807]
["黑色金属库","不锈钢无缝钢管 GB/T14976-94 1Cr18Ni9Ti|63.5X7","63.5X7","M","KG",12,9.853,118.236]
["黑色金属库","不锈钢无缝钢管 GB/T14976-94 1Cr18Ni9Ti|168X12","168X12","M","KG",15.37,46.637,716.81069]
["黑色金属库","不锈钢无缝钢管 GB/T14976-94 1Cr18Ni9Ti|57X6.5","57X6.5","M","KG",18,8.178,147.204]
["黑色金属库","不锈钢无缝钢管 GB/T14976-94 022Cr17Ni12Mo2|14X1.6","14X1.6","M","KG",17.28,0.494,8.53632]
["黑色金属库","不锈钢无缝钢管 GB/T14976-94 022Cr17Ni12Mo2|32X4.5","32X4.5","M","KG",22,3.082,67.804]
["黑色金属库","不锈钢无缝钢管 GB/T14976-94 022Cr17Ni12Mo2|34X2","34X2","M","KG",2,1.594,3.188]
["黑色金属库","不锈钢无缝钢管 GB/T14976-94 022Cr17Ni12Mo2|38X4.5","38X4.5","M","KG",6,3.755,22.53]
["黑色金属库","不锈钢无缝钢管 GB/T14976-94 022Cr17Ni12Mo2|48X3","48X3","M","KG",6,3.363,20.178]
["黑色金属库","不锈钢无缝钢管 GB/T14976-94 022Cr17Ni12Mo2|48X6","48X6","M","KG",6,6.278,37.668]
["黑色金属库","不锈钢无缝钢管 GB/T14976-94 022Cr17Ni12Mo2|60X3","60X3","M","KG",6.29,4.26,26.7954]
["黑色金属库","不锈钢无缝钢管 GB/T14976-94 022Cr17Ni12Mo2|60X5","60X5","M","KG",4.09,6.851,28.02059]
["黑色金属库","不锈钢无缝钢管 GB/T14976-94 022Cr17Ni12Mo2|76X3","76X3","M","KG",12.48,5.455,68.0784]
["黑色金属库","不锈钢无缝钢管 GB/T14976-94 022Cr17Ni12Mo2|76X7","76X7","M","KG",6.38,12.032,76.76416]
["黑色金属库","不锈钢无缝钢管 GB/T14976-94 022Cr17Ni12Mo2|89X5.5","89X5.5","M","KG",2.86,11.441,32.72126]
["黑色金属库","不锈钢无缝钢管 GB/T14976-94 AISI304L|34X3","34X3","M","KG",12,2.332,27.984]
["黑色金属库","不锈钢无缝钢管 GB/T14976-94 AISI304L|89X3","89X3","M","KG",25,6.471,161.775]
["黑色金属库","不锈钢无缝钢管 GB/T14976-94 AISI304L|22X2","22X2","M","KG",6,1.003,6.018]
["黑色金属库","不锈钢无缝钢管 GB/T14976-94 AISI304L|27X2","27X2","M","KG",18,1.254,22.572]
["黑色金属库","不锈钢无缝钢管 GB/T14976-94 AISI304L|34X2.8","34X2.8","M","KG",18.39,2.176,40.01664]
["黑色金属库","不锈钢无缝钢管 GB/T14976-94 AISI304L|34X5","34X5","M","KG",6.47,3.612,23.36964]
["黑色金属库","不锈钢无缝钢管 GB/T14976-94 AISI304L|57X6.5","57X6.5","M","KG",6,8.178,49.068]
["黑色金属库","不锈钢无缝钢管 GB/T14976-94 AISI304L|63.5X7","63.5X7","M","KG",5.22,9.853,51.43266]
["黑色金属库","不锈钢无缝钢管 GB/T14976-94 AISI304L|325X5","325X5","M","KG",12,39.861,478.332]
["黑色金属库","不锈钢无缝钢管 GB/T14976-94 AISI304L|32X4.5","32X4.5","M","KG",12.32,3.083,37.98256]
["黑色金属库","不锈钢无缝钢管 GB/T14976-94 AISI316|16X2 DNVGL-I","16X2 DNVGL-I","M","KG",30,0.698,20.94]
["黑色金属库","不锈钢无缝钢管 GB/T14976-94 AISI316|27X2.5","27X2.5","M","KG",12,1.526,18.312]
["黑色金属库","不锈钢无缝钢管 GB/T14976-94 AISI316|60X4","60X4","M","KG",3.66,5.58,20.4228]
["黑色金属库","不锈钢无缝钢管 GB/T14976-94 AISI316|54X4","54X4","M","KG",3.79,4.983,18.88557]
["黑色金属库","不锈钢无缝钢管 GB/T14976-94 AISI316L|30X3 DNVGL-I","30X3 DNVGL-I","M","KG",6,2.018,12.108]
["黑色金属库","不锈钢无缝钢管 GB/T14976-94 AISI316L|325X6.5 DNVGL-II","325X6.5 DNVGL-II","M","KG",6,51.576,309.456]
["黑色金属库","不锈钢无缝钢管 GB/T14976-94 AISI316L|35X3 DNVGL-II","35X3 DNVGL-II","M","KG",6,2.392,14.352]
["黑色金属库","不锈钢无缝钢管 GB/T14976-94 AISI316L|114X3","114X3","M","KG",12.4,8.296,102.8704]
["黑色金属库","不锈钢无缝钢管 GB/T14976-94 AISI316L|12X1.5","12X1.5","M","KG",6,0.392,2.352]
["黑色金属库","不锈钢无缝钢管 GB/T14976-94 AISI316L|168X3.5","168X3.5","M","KG",6,14.344,86.064]
["黑色金属库","不锈钢无缝钢管 GB/T14976-94 AISI316L|219X4","219X4","M","KG",6,21.425,128.55]
["黑色金属库","不锈钢无缝钢管 GB/T14976-94 AISI316L|22X2.5","22X2.5","M","KG",1.057,1.215,1.284255]
["黑色金属库","不锈钢无缝钢管 GB/T14976-94 AISI316L|25X2","25X2","M","KG",6,1.146,6.876]
["黑色金属库","不锈钢无缝钢管 GB/T14976-94 AISI316L|27X2.5","27X2.5","M","KG",12,1.526,18.312]
["黑色金属库","不锈钢无缝钢管 GB/T14976-94 AISI316L|60X2.8","60X2.8","M","KG",18.2,3.99,72.618]
["黑色金属库","不锈钢无缝钢管 GB/T14976-94 AISI316L|76X3","76X3","M","KG",18.04,5.456,98.42624]
["黑色金属库","不锈钢无缝钢管 GB/T14976-94 AISI316L|76X7","76X7","M","KG",18,12.11,217.98]
["黑色金属库","不锈钢无缝钢管 GB/T14976-94 AISI316L|88.9X3.05","88.9X3.05","M","KG",10,6.523,65.23]
["黑色金属库","不锈钢无缝钢管 GB/T14976-94 AISI316L|89X3","89X3","M","KG",25.99,6.428,167.06372]
["黑色金属库","不锈钢无缝钢管 GB/T14976-94 AISI316L|114X6","114X6","M","KG",12,16.144,193.728]
["黑色金属库","不锈钢无缝钢管 GB/T14976-94 AISI316L|17X1.6","17X1.6","M","KG",18.85,0.614,11.5739]
["黑色金属库","不锈钢无缝钢管 GB/T14976-94 AISI316L|219X8.5","219X8.5","M","KG",6.21,44.575,276.81075]
["黑色金属库","不锈钢无缝钢管 GB/T14976-94 AISI316L|42X4","42X4","M","KG",6,3.787,22.722]
["黑色金属库","不锈钢无缝钢管 GB/T14976-94 AISI316L|76X5","76X5","M","KG",3.1,8.844,27.4164]
["黑色金属库","不锈钢无缝钢管 GB/T14976-94 AISI316L|34X3","34X3","M","KG",2,2.332,4.664]
["黑色金属库","不锈钢无缝钢管 GB/T14976-94 AISI316L|60X3","60X3","M","KG",26.14,4.289,112.11446]
["黑色金属库","不锈钢无缝钢管 GB/T14976-94 AISI316L|48X3","48X3","M","KG",26.63,3.386,90.16918]
["黑色金属库","不锈钢无缝钢管 GB/T14976-94 AISI316L|38X4.5","38X4.5","M","KG",19.14,3.756,71.88984]
["黑色金属库","不锈钢无缝钢管 GB/T14976-94 AISI316L|48X6","48X6","M","KG",6.02,6.278,37.79356]
["黑色金属库","不锈钢无缝钢管 GB/T14976-94 AISI316L|57X6.5","57X6.5","M","KG",30,8.178,245.34]
["黑色金属库","不锈钢无缝钢管 GB/T14976-94 AISI316L|133X8.5","133X8.5","M","KG",2.64,26.364,69.60096]
["黑色金属库","不锈钢无缝钢管 GB/T14976-94 AISI316L|194X12","194X12","M","KG",6,54.41,326.46]
["黑色金属库","不锈钢无缝钢管 GB/T14976-94 AISI316L|18X2","18X2","M","KG",24,0.797,19.128]
["黑色金属库","不锈钢无缝钢管 GB/T14976-94 AISI316L|28X2.5","28X2.5","M","KG",6,1.588,9.528]
["黑色金属库","不锈钢无缝钢管 GB/T14976-94 AISI316L|35X3 CCS-I","35X3 CCS-I","M","KG",24,2.39,57.36]
["黑色金属库","不锈钢无缝钢管 GB/T14976-94 AISI316L|22X2 BV-I","22X2 BV-I","M","KG",8.4,0.996,8.3664]
["黑色金属库","不锈钢无缝钢管 GB/T14976-94 AISI316L|60X6","60X6","M","KG",6,8.071,48.426]
["黑色金属库","不锈钢无缝钢管 GB/T14976-94 SUS304|34X2.8","34X2.8","M","KG",24,2.176,52.224]
["黑色金属库","不锈钢无缝钢管 GB/T14976-94 SUS304|42X3.5","42X3.5","M","KG",6,3.357,20.142]
["黑色金属库","不锈钢无缝钢管 GB/T14976-94 SUS304|48X4","48X4","M","KG",6,4.385,26.31]
["黑色金属库","不锈钢无缝钢管 GB/T14976-94 SUS304|60X2.8","60X2.8","M","KG",4.16,3.99,16.5984]
["黑色金属库","不锈钢无缝钢管 GB/T14976-94 SUS304|60X4","60X4","M","KG",10.27,5.58,57.3066]
["黑色金属库","不锈钢无缝钢管 GB/T14976-94 SUS304|114X3","114X3","M","KG",18,8.296,149.328]
["黑色金属库","不锈钢无缝钢管 GB/T14976-94 SUS304|114X6","114X6","M","KG",3,16.144,48.432]
["黑色金属库","不锈钢无缝钢管 GB/T14976-94 SUS304|140X3.5","140X3.5","M","KG",25.68,11.902,305.64336]
["黑色金属库","不锈钢无缝钢管 GB/T14976-94 SUS304|114X11","114X11","M","KG",5,28.226,141.13]
["黑色金属库","不锈钢无缝钢管 GB/T14976-94 SUS304|133X8.5","133X8.5","M","KG",6,26.364,158.184]
["黑色金属库","不锈钢无缝钢管 GB/T14976-94 SUS304|32X4.5","32X4.5","M","KG",30,3.083,92.49]
["黑色金属库","不锈钢无缝钢管 GB/T14976-94 SUS304|34X4.5","34X4.5","M","KG",6,3.307,19.842]
["黑色金属库","不锈钢无缝钢管 GB/T14976-94 SUS304|38X4.5","38X4.5","M","KG",30,3.756,112.68]
["黑色金属库","不锈钢无缝钢管 GB/T14976-94 SUS304|60X9","60X9","M","KG",12,11.435,137.22]
["黑色金属库","不锈钢无缝钢管 GB/T14976-94 SUS304|78X7.5","78X7.5","M","KG",6.38,13.173,84.04374]
["黑色金属库","不锈钢无缝钢管 GB/T14976-94 SUS304|38X4.5 CCS-I","38X4.5 CCS-I","M","KG",12,4.243,50.916]
["黑色金属库","不锈钢无缝钢管 GB/T14976-94 SUS304|140X12","140X12","M","KG",10.8,38.266,413.2728]
["黑色金属库","不锈钢无缝钢管 GB/T14976-94 SUS304|63.5X7","63.5X7","M","KG",6,9.853,59.118]
["黑色金属库","不锈钢无缝钢管 GB/T14976-94 SUS304|76X7","76X7","M","KG",6,12.11,72.66]
["黑色金属库","不锈钢无缝钢管 GB/T14976-94 SUS304|48X6 CCS-I","48X6 CCS-I","M","KG",6,154.509,927.054]
["黑色金属库","不锈钢无缝钢管 GB/T14976-94 SUS304|57X6.5 CCS-I","57X6.5 CCS-I","M","KG",18,9.853,177.354]
["黑色金属库","不锈钢无缝钢管 GB/T14976-94 SUS304|57X1.5","57X1.5","M","KG",6,2.073,12.438]
["黑色金属库","不锈钢无缝钢管 GB/T14976-94 SUS304|15X2 CCS-I","15X2 CCS-I","M","KG",18,0.648,11.664]
["黑色金属库","不锈钢无缝钢管 GB/T14976-94 SUS304L|17X1.6","17X1.6","M","KG",6.33,0.614,3.88662]
["黑色金属库","不锈钢无缝钢管 GB/T14976-94 SUS304L|22X2.5","22X2.5","M","KG",24,1.215,29.16]
["黑色金属库","不锈钢无缝钢管 GB/T14976-94 SUS304L|48X2.8","48X2.8","M","KG",6,3.153,18.918]
["黑色金属库","不锈钢无缝钢管 GB/T14976-94 SUS304L|48X4","48X4","M","KG",26,4.385,114.01]
["黑色金属库","不锈钢无缝钢管 GB/T14976-94 SUS304L|60X4","60X4","M","KG",6.2,5.58,34.596]
["黑色金属库","不锈钢无缝钢管 GB/T14976-94 SUS304L|76X4","76X4","M","KG",12.54,7.175,89.9745]
["黑色金属库","不锈钢无缝钢管 GB/T14976-94 SUS304L|114X4","114X4","M","KG",4.72,10.962,51.74064]
["黑色金属库","不锈钢无缝钢管 GB/T14976-94 SUS304L|140X12","140X12","M","KG",5.83,38.266,223.09078]
["黑色金属库","不锈钢无缝钢管 GB/T14976-94 SUS304L|194X12","194X12","M","KG",6,54.41,326.46]
["黑色金属库","不锈钢无缝钢管 GB/T14976-94 SUS304L|27X2 CCS-I","27X2 CCS-I","M","KG",30,1.407,42.21]
["黑色金属库","不锈钢无缝钢管 GB/T14976-94 SUS304L|38X4.5","38X4.5","M","KG",5.25,3.756,19.719]
["黑色金属库","不锈钢无缝钢管 GB/T14976-94 SUS304L|22X2","22X2","M","KG",12,1.003,12.036]
["黑色金属库","不锈钢无缝钢管 GB/T14976-94 SUS304L|14X2","14X2","M","KG",6,0.602,3.612]
["黑色金属库","不锈钢无缝钢管 GB/T14976-94 SUS304L|18X2.5","18X2.5","M","KG",28,0.972,27.216]
["黑色金属库","不锈钢无缝钢管 GB/T14976-94 SUS304L|42X2.5","42X2.5","M","KG",4,2.46,9.84]
["黑色金属库","不锈钢无缝钢管 GB/T14976-94 SUS304L|16X2","16X2","M","KG",19.5,0.698,13.611]
["黑色金属库","不锈钢无缝钢管 GB/T14976-94 SUS304L|18X3","18X3","M","KG",12,1.12,13.44]
["黑色金属库","不锈钢无缝钢管 GB/T14976-94 SUS304L|10X2","10X2","M","KG",6,0.45,2.7]
["黑色金属库","不锈钢无缝钢管 GB/T14976-94 SUS304L|48X3","48X3","M","KG",18,3.363,60.534]
["黑色金属库","不锈钢无缝钢管 GB/T14976-94 SUS304L|27X2","27X2","M","KG",6,1.245,7.47]
["黑色金属库","不锈钢无缝钢管 GB/T14976-94 SUS316|17X2","17X2","M","KG",6,0.747,4.482]
["黑色金属库","不锈钢无缝钢管 GB/T14976-94 SUS316|34X4","34X4","M","KG",6,2.99,17.94]
["黑色金属库","不锈钢无缝钢管 GB/T14976-94 SUS316|60X4","60X4","M","KG",18.23,5.58,101.7234]
["黑色金属库","不锈钢无缝钢管 GB/T14976-94 SUS316|76X3","76X3","M","KG",3.5,5.456,19.096]
["黑色金属库","不锈钢无缝钢管 GB/T14976-94 SUS316|89X3","89X3","M","KG",3.46,6.428,22.24088]
["黑色金属库","不锈钢无缝钢管 GB/T14976-94 SUS316|114X11","114X11","M","KG",6.5,28.226,183.469]
["黑色金属库","不锈钢无缝钢管 GB/T14976-94 SUS316|140X12","140X12","M","KG",13.36,38.266,511.23376]
["黑色金属库","不锈钢无缝钢管 GB/T14976-94 SUS316|28X2","28X2","M","KG",6.09,1.295,7.88655]
["黑色金属库","不锈钢无缝钢管 GB/T14976-94 SUS316|32X4.5","32X4.5","M","KG",6,3.083,18.498]
["黑色金属库","不锈钢无缝钢管 GB/T14976-94 SUS316|48X6","48X6","M","KG",30,6.278,188.34]
["黑色金属库","不锈钢无缝钢管 GB/T14976-94 SUS316|89X8","89X8","M","KG",12.48,16.144,201.47712]
["黑色金属库","不锈钢无缝钢管 GB/T14976-94 SUS316|21X2 CCS-I","21X2 CCS-I","M","KG",12,1.07,12.84]
["黑色金属库","不锈钢无缝钢管 GB/T14976-94 SUS316|30X4.5 CCS-I","30X4.5 CCS-I","M","KG",18,3.23,58.14]
["黑色金属库","不锈钢无缝钢管 GB/T14976-94 SUS316|57X6.5","57X6.5","M","KG",18.93,8.178,154.80954]
["黑色金属库","不锈钢无缝钢管 GB/T14976-94 SUS316|63.5X7","63.5X7","M","KG",18,9.853,177.354]
["黑色金属库","不锈钢无缝钢管 GB/T14976-94 SUS316|48X5","48X5","M","KG",6,5.356,32.136]
["黑色金属库","不锈钢无缝钢管 GB/T14976-94 SUS316L|34X2.8 CCS","34X2.8 CCS","M","KG",18,2.176,39.168]
["黑色金属库","不锈钢无缝钢管 GB/T14976-94 SUS316L|17X2","17X2","M","KG",24,0.747,17.928]
["黑色金属库","不锈钢无缝钢管 GB/T14976-94 SUS316L|22X2.5","22X2.5","M","KG",18,1.215,21.87]
["黑色金属库","不锈钢无缝钢管 GB/T14976-94 SUS316L|34X2.8","34X2.8","M","KG",19,2.176,41.344]
["黑色金属库","不锈钢无缝钢管 GB/T14976-94 SUS316L|42X1.6","42X1.6","M","KG",6,1.61,9.66]
["黑色金属库","不锈钢无缝钢管 GB/T14976-94 SUS316L|48X4","48X4","M","KG",25.16,4.385,110.3266]
["黑色金属库","不锈钢无缝钢管 GB/T14976-94 SUS316L|60X4","60X4","M","KG",9.42,5.58,52.5636]
["黑色金属库","不锈钢无缝钢管 GB/T14976-94 SUS316L|76X3","76X3","M","KG",23.5,5.456,128.216]
["黑色金属库","不锈钢无缝钢管 GB/T14976-94 SUS316L|114X6","114X6","M","KG",24.95,16.144,402.7928]
["黑色金属库","不锈钢无缝钢管 GB/T14976-94 SUS316L|168X3.5","168X3.5","M","KG",1.45,14.344,20.7988]
["黑色金属库","不锈钢无缝钢管 GB/T14976-94 SUS316L|168X7.5","168X7.5","M","KG",6,29.989,179.934]
["黑色金属库","不锈钢无缝钢管 GB/T14976-94 SUS316L|219X4","219X4","M","KG",1.77,21.425,37.92225]
["黑色金属库","不锈钢无缝钢管 GB/T14976-94 SUS316L|219X8.5","219X8.5","M","KG",4.85,44.575,216.18875]
["黑色金属库","不锈钢无缝钢管 GB/T14976-94 SUS316L|114X3 DNV-II","114X3 DNV-II","M","KG",18.85,8.296,156.3796]
["黑色金属库","不锈钢无缝钢管 GB/T14976-94 SUS316L|168X7.5 DNV-II","168X7.5 DNV-II","M","KG",6,29.989,179.934]
["黑色金属库","不锈钢无缝钢管 GB/T14976-94 SUS316L|133X8.5","133X8.5","M","KG",1.7,26.364,44.8188]
["黑色金属库","不锈钢无缝钢管 GB/T14976-94 SUS316L|140X12","140X12","M","KG",22.81,38.266,872.84746]
["黑色金属库","不锈钢无缝钢管 GB/T14976-94 SUS316L|194X12","194X12","M","KG",9.96,54.41,541.9236]
["黑色金属库","不锈钢无缝钢管 GB/T14976-94 SUS316L|219X9","219X9","M","KG",29.01,47.085,1365.93585]
["黑色金属库","不锈钢无缝钢管 GB/T14976-94 SUS316L|27X2","27X2","M","KG",21,1.246,26.166]
["黑色金属库","不锈钢无缝钢管 GB/T14976-94 SUS316L|63.5X7","63.5X7","M","KG",28.26,9.853,278.44578]
["黑色金属库","不锈钢无缝钢管 GB/T14976-94 SUS316L|18X2 CCS-I","18X2 CCS-I","M","KG",6,0.901,5.406]
["黑色金属库","不锈钢无缝钢管 GB/T14976-94 SUS316L|245X12","245X12","M","KG",1.33,69.656,92.64248]
["黑色金属库","不锈钢无缝钢管 GB/T14976-94 SUS316L|48X6 DNVGL-I","48X6 DNVGL-I","M","KG",6,6.32,37.92]
["黑色金属库","不锈钢无缝钢管 GB/T14976-94 SUS316L|60X3","60X3","M","KG",6.98,4.289,29.93722]
["黑色金属库","不锈钢无缝钢管 GB/T14976-94 SUS316L|20X2","20X2","M","KG",12,0.897,10.764]
["黑色金属库","不锈钢无缝钢管 GB/T14976-94 SUS316L|10X2","10X2","M","KG",30,0.45,13.5]
["黑色金属库","不锈钢无缝钢管 GB/T14976-94 SUS316L|32X3","32X3","M","KG",6,2.14,12.84]
["黑色金属库","不锈钢无缝钢管 GB/T14976-94 SUS316L|18X3","18X3","M","KG",18,1.121,20.178]
["黑色金属库","不锈钢无缝钢管 GB/T14976-94 SUS316L|10X2 CCS-I","10X2 CCS-I","M","KG",6,0.395,2.37]
["黑色金属库","不锈钢无缝钢管 GB/T14976-94 SUS316L|48X7","48X7","M","KG",6,7.149,42.894]
["黑色金属库","不锈钢无缝钢管 GB/T14976-94 316L食品级|8X1","8X1","M","KG",30,0.174,5.22]
["黑色金属库","不锈钢无缝钢管 GB/T14976-94 316LMO≥2.5|60X2.8 BV-II","60X2.8 BV-II","M","KG",18,3.99,71.82]
["黑色金属库","不锈钢无缝钢管 GB/T14976-94 316LMO≥2.5|194X12 CCS-I","194X12 CCS-I","M","KG",17.16,54.41,933.6756]
["黑色金属库","不锈钢无缝钢管 GB/T14976-94 06Cr18Ni11Ti|34X2","34X2","M","KG",28.78,1.594,45.87532]
["黑色金属库","不锈钢无缝钢管 GB/T14976-94 06Cr18Ni11Ti|60X5","60X5","M","KG",6,6.851,41.106]
["黑色金属库","不锈钢无缝钢管 GB/T14976-94 06Cr18Ni11Ti|32X4.5","32X4.5","M","KG",18,3.083,55.494]
["黑色金属库","不锈钢无缝钢管 GB/T14976-94 06Cr18Ni11Ti|38X4.5","38X4.5","M","KG",6,3.755,22.53]
["黑色金属库","不锈钢无缝钢管 GB/T14976-94 06Cr18Ni11Ti|57X6.5","57X6.5","M","KG",3,8.177,24.531]
["黑色金属库","精密无缝钢管 GB/T3639-2009 SUS304|10X1.5","10X1.5","M","KG",18,0.317,5.706]
["黑色金属库","双相不锈钢无缝钢管 GB/T18033-2007 S22053|22X2.5","22X2.5","M","KG",15.02,1.214,18.23428]
["黑色金属库","双相不锈钢无缝钢管 GB/T18033-2007 S22553|42X2","42X2","M","KG",2.5,1.993,4.9825]
["黑色金属库","双相不锈钢无缝钢管 GB/T18033-2007 S22553|60X2.5","60X2.5","M","KG",12,3.581,42.972]
["黑色金属库","双相不锈钢无缝钢管 GB/T18033-2007 S22553|108X8","108X8","M","KG",12.79,19.93,254.9047]
["黑色金属库","双相不锈钢无缝钢管 GB/T18033-2007 S22553|159X8","159X8","M","KG",13.28,30.095,399.6616]
["黑色金属库","双相不锈钢无缝钢管 GB/T18033-2007 S22553|168X12.5","168X12.5","M","KG",11.79,48.424,570.91896]
["黑色金属库","双相不锈钢无缝钢管 GB/T18033-2007 S22553|48X6","48X6","M","KG",24,6.278,150.672]
["黑色金属库","双相不锈钢无缝钢管 GB/T18033-2007 S22553|94X11","94X11","M","KG",10.38,22.745,236.0931]
["黑色金属库","双相不锈钢无缝钢管 GB/T18033-2007 S22553|57X3","57X3","M","KG",8,4.036,32.288]
["黑色金属库","双相不锈钢无缝钢管 GB/T18033-2007 S22553|89X5","89X5","M","KG",24,10.463,251.112]
["黑色金属库","双相不锈钢无缝钢管 GB/T18033-2007 S22553|108X8.5","108X8.5","M","KG",5.5,21.211,116.6605]
["黑色金属库","双相不锈钢无缝钢管 GB/T18033-2007 S22553|42X2.5","42X2.5","M","KG",6,2.477,14.862]
["黑色金属库","双相不锈钢无缝钢管 GB/T18033-2007 S22553|57X6.5","57X6.5","M","KG",5.34,8.233,43.96422]
["黑色金属库","双相不锈钢无缝钢管 GB/T18033-2007 S22553|89X5.5","89X5.5","M","KG",20.25,11.518,233.2395]
["黑色金属库","双相不锈钢无缝钢管 GB/T18033-2007 S22553|48X2.5","48X2.5","M","KG",14,2.833,39.662]
["黑色金属库","双相不锈钢无缝钢管 GB/T18033-2007 S25073|89X5","89X5","M","KG",12,10.46338849,125.56066188]
["黑色金属库","双相不锈钢无缝钢管 GB/T18033-2007 S25073|60X2.5","60X2.5","M","KG",24,3.581219276,85.949262624]
["黑色金属库","双相不锈钢无缝钢管 GB/T18033-2007 S25073|57X3","57X3","M","KG",3.3,4.035878418,13.3183987794]
["黑色金属库","精密无缝钢管 DIN2445 碳钢|18X1.5 CCS-ST37.4","18X1.5 CCS-ST37.4","M","KG",9,0.697,6.273]
["黑色金属库","精密无缝钢管 DIN2445 碳钢|42X2 CCS-ST37.4","42X2 CCS-ST37.4","M","KG",12,2.252,27.024]
["黑色金属库","精密无缝钢管 DIN2445 碳钢|48X3 CCS-ST37.4","48X3 CCS-ST37.4","M","KG",30,3.8,114]
["黑色金属库","精密无缝钢管 DIN2445 碳钢|12X2 CCS-ST52.4","12X2 CCS-ST52.4","M","KG",24,0.563,13.512]
["黑色金属库","精密无缝钢管 DIN2445 碳钢|38X2.5 DNVGL-ST37.4","38X2.5 DNVGL-ST37.4","M","KG",18,2.189,39.402]
["黑色金属库","精密无缝钢管 DIN2445 碳钢|34X4 CCS-I","34X4 CCS-I","M","KG",24,2.96,71.04]
["黑色金属库","不锈钢无缝钢管 GB/T14976-94 SUS316L|30X2.5","30X2.5","M","KG",4,1.724,6.896]
["黑色金属库","精密无缝不锈钢钢管","316L|60X3","M","KG",6,4.289,25.734]
["黑色金属库","精密无缝不锈钢钢管","316L-I|42X4.5","M","KG",6,4.232,25.392]
["黑色金属库","精密无缝不锈钢钢管","316L-I|28X3","M","KG",6,1.881,11.286]
["黑色金属库","精密不锈钢管 ASTM A269 AISI316L|48X6 CCS-I","AISI316L|48X6 CCS-I","M","KG",24,6.318,151.632]
["黑色金属库","双相不锈钢管 GB/T21833-2008 S25073| 38X2.5","38X2.5","M","KG",3.02,2.226,6.72252]
["黑色金属库","双相不锈钢管 GB/T21833-2008 S25073| 89X3","89X3","M","KG",3.02,6.47,19.5394]
["黑色金属库","不锈钢扁钢 GB/T1220-2007|SUS316L|F50X10","F50X10","M","KG",24,3.95,94.8]
["黑色金属库","不锈钢扁钢 GB/T1220-2007|SUS316|F125X5","F125X5","M","KG",6,4.938,29.628]
["黑色金属库","不锈钢扁钢 GB/T1220-2007|SUS316|F125X5","F125X5","M","KG",6,4.938,29.628]
["黑色金属库","不锈钢扁钢 GB/T1220-2007|SUS316L|F30X10","F30X10","M","KG",5,2.368,11.84]
["黑色金属库","不锈钢角钢 GB/T1220-2007|SUS316L|L100X100X10","L100X100X10","米","千克",18,15.274,274.932]
["黑色金属库","不锈钢无缝钢管 GB/T14976-94 SUS304|16X3","16X3","M","KG",18,0.972,17.496]
["黑色金属库","不锈钢无缝钢管 GB/T14976-94 SUS304|48X7.5","48X7.5","M","KG",12,7.567,90.804]
["黑色金属库","不锈钢无缝钢管 GB/T14976-94 SUS304|16X3","16X3","M","KG",18,0.972,17.496]
["黑色金属库","不锈钢无缝钢管 GB/T14976-94 SUS316L|60X6.5","60X6.5","M","KG",12,8.663,103.956]
["黑色金属库","不锈钢无缝钢管 GB/T14976-94 SUS304L|10X1","10X1","M","KG",18,0.224,4.032]
["黑色金属库","双相不锈钢无缝钢管 GB/T18033-2007 S22553|34X2.8","34X2.8","M","KG",13,2.176,28.288]
["黑色金属库","双相不锈钢无缝钢管 GB/T18033-2007 S22553|76X2.5","76X2.5","M","KG",12,4.578,54.936]
["黑色金属库","不锈钢无缝钢管 GB/T14976-94 SUS316L|76X5","76X5","M","KG",18,8.844,159.192]
["黑色金属库","不锈钢无缝钢管 GB/T14976-94 1Cr18Ni9Ti|17X1.6","17X1.6","M","KG",15,0.614,9.21]
["黑色金属库","不锈钢无缝钢管 GB/T14976-94 SUS304|17X2","17X2","M","KG",6,0.747,4.482]
["黑色金属库","不锈钢无缝钢管 GB/T14976-94 SUS304|17X2","17X2","M","KG",42,0.747,31.374]
["黑色金属库","双相不锈钢无缝钢管 GB/T18033-2007 S22553|34X2.8","34X2.8","M","KG",18,2.176,39.168]
["黑色金属库","不锈钢无缝钢管 GB/T14976-94 SUS316L|76X5","76X5","M","KG",19.44,8.844,171.92736]
["黑色金属库","不锈钢无缝钢管 GB/T14976-94 SUS316L|89X5.5","89X5.5","M","KG",6.3,11.441,72.0783]
["黑色金属库","不锈钢无缝钢管 GB/T14976-94 SUS304|48X7.5","48X7.5","M","KG",24,7.567,181.608]
["黑色金属库","不锈钢无缝钢管 GB/T14976-94 SUS316L|70X6","70X6","M","KG",12,9.566,114.792]
["黑色金属库","不锈钢无缝钢管 GB/T14976-94 SUS316L|89X5.5","89X5.5","M","KG",12,11.441,137.292]
["黑色金属库","不锈钢无缝钢管 GB/T14976-94 1Cr18Ni9Ti|14X1","14X1","M","KG",15,0.321,4.815]
["黑色金属库","不锈钢无缝钢管 GB/T14976-94 SUS316L|27X2.5","27X2.5","M","KG",12,1.526,18.312]
["黑色金属库","不锈钢无缝钢管 GB/T14976-94 022Cr17Ni12Mo2|27X2","27X2","M","KG",36,1.245,44.82]
["黑色金属库","不锈钢无缝钢管 GB/T14976-94 SUS316L|27X2.5","27X2.5","M","KG",24,1.526,36.624]
["黑色金属库","不锈钢无缝钢管 GB/T14976-94 1Cr18Ni9Ti|17X1.6","17X1.6","M","KG",30,0.614,18.42]
["黑色金属库","不锈钢无缝钢管 GB/T14976-94 1Cr18Ni9Ti|76X4","76X4","M","KG",6,7.175,43.05]
["黑色金属库","不锈钢无缝钢管 GB/T14976-94 1Cr18Ni9Ti|114X6","114X6","M","KG",13.5,16.144,217.944]
["黑色金属库","不锈钢无缝钢管 GB/T14976-94 1Cr18Ni9Ti|114X6","114X6","M","KG",21,16.144,339.024]
["黑色金属库","不锈钢无缝钢管 GB/T14976-94 SUS316L|18X2","18X2","M","KG",60,0.797,47.82]
["黑色金属库","不锈钢无缝钢管 GB/T14976-94 1Cr18Ni9Ti|18X2","18X2","M","KG",0,0.797,9.564]
["黑色金属库","不锈钢无缝钢管 GB/T14976-94 SUS316L|18X2","18X2","M","KG",18,0.797,14.346]
["黑色金属库","不锈钢无缝钢管 GB/T14976-94 SUS316L|34X4","34X4","M","KG",6,2.99,17.94]
["黑色金属库","不锈钢无缝钢管 GB/T14976-94 SUS304L|14X2.5","14X2.5","M","KG",6.49,0.721,4.67929]
["黑色金属库","不锈钢无缝钢管 GB/T14976-94 SUS304|17X2","17X2","M","KG",12,0.747,8.964]
["黑色金属库","不锈钢无缝钢管 GB/T14976-94 SUS316L|89X5.5","89X5.5","M","KG",5.76,11.441,65.90016]
["黑色金属库","不锈钢无缝钢管 GB/T14976-94 SUS304|17X2","17X2","M","KG",6,0.747,4.482]
["黑色金属库","不锈钢无缝钢管 GB/T14976-94 1Cr18Ni9Ti|48X6","48X6","M","KG",18,6.278,113.004]
["黑色金属库","不锈钢无缝钢管 GB/T14976-94 SUS316L|76X7","76X7","M","KG",6.83,12.11,82.7113]
["黑色金属库","不锈钢无缝钢管 GB/T14976-94 1Cr18Ni9Ti|114X6","114X6","M","KG",102,16.144,1646.688]
["黑色金属库","不锈钢无缝钢管 GB/T14976-94 SUS304|57X6.5","57X6.5","M","KG",3.88,8.178,31.73064]
["黑色金属库","不锈钢无缝钢管 GB/T14976-94 SUS316L|60X6.5","60X6.5","M","KG",6.25,8.663,54.14375]
["黑色金属库","不锈钢无缝钢管 GB/T14976-94 SUS316L|70X6","70X6","M","KG",4.05,9.566,38.7423]
["黑色金属库","不锈钢无缝钢管 GB/T14976-94 1Cr18Ni9Ti|48X6","48X6","M","KG",3.71,6.278,23.29138]
["黑色金属库","不锈钢无缝钢管 GB/T14976-94 1Cr18Ni9Ti|76X4","76X4","M","KG",6.66,7.175,47.7855]
["黑色金属库","不锈钢无缝钢管 GB/T14976-94 SUS304L|10X1","10X1","M","KG",6,0.224,1.344]
["黑色金属库","不锈钢无缝钢管 GB/T14976-94 AISI316L|28X2.5 BV-I","28X2.5 BV-I","M","KG",6,1.588,9.528]
["黑色金属库","不锈钢无缝钢管 GB/T14976-94 1Cr18Ni9Ti|60X2.8","60X2.8","M","KG",4.27,3.99,17.0373]
["黑色金属库","不锈钢无缝钢管 GB/T14976-94 SUS304|60X3","60X3","M","KG",3.38,4.260093886,14.39911733468]
["黑色金属库","不锈钢无缝钢管 GB/T14976-94 1Cr18Ni9Ti|114X6","114X6","M","KG",6,16.144,96.864]
["黑色金属库","不锈钢无缝钢管 GB/T14976-94 1Cr18Ni9Ti|114X6","114X6","M","KG",18,16.144,290.592]
["黑色金属库","不锈钢无缝钢管 GB/T14976-94 SUS304L|10X1","10X1","M","KG",12,0.224,2.688]
["黑色金属库","不锈钢无缝钢管 GB/T14976-94 SUS304|76X3","76X3","M","KG",18,5.456,98.208]
["黑色金属库","不锈钢无缝钢管 GB/T14976-94 SUS316L|76X7","76X7","M","KG",12,12.11,145.32]
["黑色金属库","不锈钢无缝钢管 GB/T14976-94 SUS316L|57X6.5","57X6.5","M","KG",3.47,8.178,28.37766]
["黑色金属库","不锈钢无缝钢管 GB/T14976-94 SUS316L|17X3 CCS-I","17X3 CCS-I","M","KG",12,1.046,12.552]
["黑色金属库","不锈钢无缝钢管 GB/T14976-94 SUS316L|60X6.5","60X6.5","M","KG",12,8.663,103.956]
["黑色金属库","不锈钢无缝钢管 GB/T14976-94 1Cr18Ni9Ti|48X6","48X6","M","KG",12,6.278,75.336]
["黑色金属库","不锈钢无缝钢管 GB/T14976-94 SUS316L|27X2.5","27X2.5","M","KG",6,1.526,9.156]
["黑色金属库","不锈钢无缝钢管 GB/T14976-94 SUS316L|57X6.5","57X6.5","M","KG",6,8.178,49.068]
["黑色金属库","不锈钢无缝钢管 GB/T14976-94 SUS304|76X3","76X3","M","KG",30,5.456,163.68]
["黑色金属库","不锈钢无缝钢管 GB/T14976-94 SUS316|35X2.5","35X2.5","M","KG",54,2.024,109.296]
["黑色金属库","不锈钢无缝钢管 GB/T14976-94 316L食品级|14X1.5","14X1.5","M","KG",42,0.467,19.614]
["黑色金属库","不锈钢无缝钢管 GB/T14976-94 SUS316L|34X4","34X4","M","KG",12,2.99,35.88]
["黑色金属库","不锈钢无缝钢管 GB/T14976-94 1Cr18Ni9Ti|17X2","17X2","M","KG",42,0.747,31.374]
["黑色金属库","不锈钢无缝钢管 GB/T14976-94 AISI304L|60X3","60X3","M","KG",18,4.26,76.68]
["黑色金属库","不锈钢无缝钢管 GB/T14976-94 SUS316L|17X3 CCS-I","17X3 CCS-I","M","KG",72,1.046,75.312]
["黑色金属库","不锈钢无缝钢管 GB/T14976-94 SUS304|48X7.5","48X7.5","M","KG",3,7.567,22.701]
["黑色金属库","不锈钢无缝钢管|SUS316L|18X1.5","18X1.5","M","KG",48,0.61,29.28]
["黑色金属库","双相不锈钢无缝钢管 GB/T18033-2007 S22553|114X3","114X3","M","KG",120,8.296,995.52]
["黑色金属库","不锈钢无缝钢管 GB/T14976-94 AISI316|76X5","76X5","M","KG",54,8.844,477.576]
["黑色金属库","不锈钢无缝钢管 GB/T14976-94 SUS316L|70X6","70X6","M","KG",30,9.566,286.98]
["黑色金属库","不锈钢无缝钢管 GB/T14976-94 1Cr18Ni9Ti|76X4","76X4","M","KG",18,7.175,129.15]
["黑色金属库","不锈钢无缝钢管 GB/T14976-94 SUS316L|34X4","34X4","M","KG",66,2.99,197.34]
["黑色金属库","不锈钢无缝钢管 GB/T14976-94 SUS316L|70X6","70X6","M","KG",6,9.566,57.396]
["黑色金属库","不锈钢无缝钢管 GB/T14976-94 AISI316L|35X3 DNV-II","35X3 DNV-II","M","KG",330,2.392,789.36]
["黑色金属库","不锈钢无缝钢管 GB/T14976-94 1Cr18Ni9Ti|17X1.6","17X1.6","M","KG",6,0.614,3.684]
["黑色金属库","不锈钢无缝钢管 GB/T14976-94 AISI316L|28X2.5 BV-I","28X2.5 BV-I","M","KG",24,1.588,38.112]
["黑色金属库","不锈钢无缝钢管 GB/T14976-94 SUS316L|140X3.5","140X3.5","M","KG",2.65,11.902,31.5403]
["黑色金属库","不锈钢无缝钢管 GB/T14976-94 SUS316L|89X5.5","89X5.5","M","KG",6.5,11.441,74.3665]
["黑色金属库","不锈钢无缝钢管 GB/T14976-94 SUS316L|76X7","76X7","M","KG",5.63,12.11,68.1793]
["黑色金属库","不锈钢无缝钢管 GB/T14976-94 SUS316L|140X3.5","140X3.5","M","KG",3.05,11.902,36.3011]
["黑色金属库","双相不锈钢无缝钢管 GB/T18033-2007 S22553|194X11","194X11","M","KG",4.8,50.15,240.72]
["黑色金属库","不锈钢无缝钢管 GB/T14976-94 AISI316L|30X3 CCS-I","30X3 CCS-I","M","KG",1.056,2.02,2.13312]
["黑色金属库","双相不锈钢无缝钢管 GB/T18033-2007 S22553|133X7.5","133X7.5","M","KG",6.13,23.449,143.74237]
["黑色金属库","双相不锈钢无缝钢管 GB/T18033-2007 S22553|133X7.5","133X7.5","M","KG",6.3,23.449,147.7287]
["黑色金属库","双相不锈钢无缝钢管 GB/T18033-2007 S22553|133X7.5","133X7.5","M","KG",5.35,23.449,125.45215]
["黑色金属库","双相不锈钢无缝钢管 GB/T18033-2007 S22553|133X7.5","133X7.5","M","KG",4.8,23.449,112.5552]
["黑色金属库","双相不锈钢无缝钢管 GB/T18033-2007 S22553|133X7.5","133X7.5","M","KG",8.23,23.449,192.98527]
["黑色金属库","双相不锈钢无缝钢管 GB/T18033-2007 S22553|133X7.5","133X7.5","M","KG",8.13,23.449,190.64037]
["黑色金属库","双相不锈钢无缝钢管 GB/T18033-2007 S22553|140X4","140X4","M","KG",3.78,13.553,51.23034]
["黑色金属库","双相不锈钢无缝钢管 GB/T18033-2007 S22553|194X11","194X11","M","KG",3,50.15,150.45]
["黑色金属库","双相不锈钢无缝钢管 GB/T18033-2007 S22553|140X4","140X4","M","KG",1.88,13.553,25.47964]
["黑色金属库","不锈钢无缝钢管 GB/T14976-94 AISI304L|48X3","48X3","M","KG",6,3.386,20.316]
["黑色金属库","不锈钢无缝钢管 GB/T14976-94 SUS316L|219X4.5","219X4.5","M","KG",35,23.956,838.46]
["黑色金属库","不锈钢无缝钢管 GB/T14976-94 SUS304L|140X4","140X4","M","KG",3.11,13.553,42.14983]
["黑色金属库","不锈钢无缝钢管 GB/T14976-94 SUS304L|140X4","140X4","M","KG",4.09,13.553,55.43177]
["黑色金属库","双相不锈钢无缝钢管 GB/T18033-2007 S22553|140X4","140X4","M","KG",4.5,13.553,60.9885]
["黑色金属库","双相不锈钢无缝钢管 GB/T18033-2007 S22553|140X4","140X4","M","KG",4.58,13.553,62.07274]
["黑色金属库","不锈钢无缝钢管 GB/T14976-94 SUS316L|140X7 DNV-II","140X7 DNV-II","M","KG",52.5,23.194,1217.685]
["黑色金属库","不锈钢无缝钢管 GB/T14976-94 SUS316L|140X7 DNV-II","140X7 DNV-II","M","KG",5.48,23.194,127.10312]
["黑色金属库","不锈钢无缝钢管 GB/T14976-94 SUS316L|140X7 DNV-II","140X7 DNV-II","M","KG",5.3,23.194,122.9282]
["黑色金属库","不锈钢无缝钢管 GB/T14976-94 SUS316L|140X7 DNV-II","140X7 DNV-II","M","KG",5.6,23.194,129.8864]
["黑色金属库","不锈钢无缝钢管 GB/T14976-94 SUS316L|140X7 DNV-II","140X7 DNV-II","M","KG",4.98,23.194,115.50612]
["黑色金属库","不锈钢无缝钢管 GB/T14976-94 SUS316L|140X7 DNV-II","140X7 DNV-II","M","KG",38,23.194,881.372]
["黑色金属库","不锈钢无缝钢管 GB/T14976-94 SUS316L|140X7 DNV-II","140X7 DNV-II","M","KG",30,23.194,695.82]
["黑色金属库","不锈钢无缝钢管 GB/T14976-94 SUS316L|60X2.8","60X2.8","M","KG",24,3.99,95.76]
["黑色金属库","不锈钢无缝钢管 GB/T14976-94 AISI304L|48X3","48X3","M","KG",39.4,3.386,133.4084]
["黑色金属库","不锈钢无缝钢管 GB/T14976-94 AISI316L|30X3 CCS-I","30X3 CCS-I","M","KG",5.22,2.02,10.5444]
["黑色金属库","不锈钢无缝钢管 GB/T14976-94 AISI316L|28X2.5 BV-I","28X2.5 BV-I","M","KG",12,1.588,19.056]
["黑色金属库","不锈钢圆钢 GB/T1220-2007|SUS304|25","25","M","KG",150,3.891,583.65]
["黑色金属库","不锈钢圆钢 GB/T1220-2007|SUS316L|40","40","M","KG",0.8,9.961,7.9688]
["黑色金属库","不锈钢圆钢 GB/T1220-2007|1Cr18Ni9Ti|10","10","M","KG",6,0.621,3.726]
["黑色金属库","不锈钢圆钢 GB/T1220-2007|SUS316L|22","22","M","KG",6,3.013,18.078]
["黑色金属库","不锈钢圆钢 GB/T1220-2007|SUS304|30","30","M","KG",3,5.603,16.809]
["黑色金属库","焊接钢管 GB/T3092-1993 Q235B|33.5X3.25","33.5X3.25","M","KG",18,2.425,43.65]
["黑色金属库","焊接钢管 GB/T3092-1993 Q235B|33.5X3.25","33.5X3.25","M","KG",6,2.425,14.55]
["黑色金属库","焊接钢管 GB/T3092-1993 Q235B|33.5X3.25","33.5X3.25","M","KG",18,2.425,43.65]
["黑色金属库","精密无缝不锈钢钢管","316L|18X2","M","KG",24,0.652,15.648]
["黑色金属库","精密无缝不锈钢钢管","316L|18X2","M","KG",30,0.652,19.56]
["黑色金属库","精密无缝不锈钢钢管","316L|18X2","M","KG",18,0.803,14.454]
["黑色金属库","精密不锈钢管 ASTM A269 AISI316L|50X3 CCS-I","AISI316L|50X3 CCS-I","M","KG",96,3.513,337.248]
["黑色金属库","不锈钢精密无缝钢管","35x3 AISI316L","M","KG",48,2.368,113.664]
["黑色金属库","液压管","50x3 410-I","M","KG",12,3.477,41.724]
["黑色金属库","不锈钢精密无缝钢管","35x3 AISI316L","M","KG",48,2.368,113.664]
["黑色金属库","精密不锈钢管 ASTM A269 AISI316L|48X3 CCS-I","AISI316L|48X3 CCS-I","M","KG",96,3.384,324.864]
["黑色金属库","精密无缝不锈钢钢管","316L|60X3","M","KG",198,4.289,849.222]
["黑色金属库","圆钢 GB/T702-2017|Q235B|28",28,"米","千克",6,4.832,28.992]
["黑色金属库","圆钢 GB/T702-2017|35#|31",30,"M","KG",24,5.922,142.128]
["有色金属库","铝管|6082-T6|42X3","42X3","M","KG",12.5,1.029,12.8625]
["有色金属库","铝管","5083|48X3","M","KG",4,1.187023378,4.748093512]
["有色金属库","铝管","5083|48X3","M","KG",3.06,1.187023378,3.63229153668]
["有色金属库","紫铜管 GB/T18033-2017 TP2|42X3-Y","42X3-Y","M","KG",6,3.293,19.758]
[{"$nulls":5},5619.999]

{"sheet":"账外管附件出售处置清单","index":3,"n_rows":68,"n_cols":4,"rows_kept":68,"flags":["formulas_cached_only"]}
[null,"账外管附件出售处置清单"]
["对应仓库","物资名称","计价\n单位","管理\n数量"]
["管附件库","钢管定型弯头 QJ/WH02-510-2016 20#|426X13X45-1.0D","PCS",6]
["管附件库","对焊钢法兰 GB/T9115-2010 AISI316L|RF16300-324X4.5","PCS",2]
["管附件库","对焊钢法兰 GB/T9115-2010 AISI316L Mo≥2.5|RF16200-219X4 BV-I","PCS",5]
["管附件库","对焊钢法兰 GB/T9115-2010 AISI316L Mo≥2.5|RF16300-324X4.5 BV-I","PCS",4]
["管附件库","搭焊钢法兰 GB/T2506-2005 Q235A|10050","PCS",90]
["管附件库","搭焊钢法兰 GB/T2506-2005 1Cr18Ni9Ti|6020","PCS",4]
["管附件库","搭焊钢法兰 GB/T2506-2005 1Cr18Ni9Ti|6025","PCS",7]
["管附件库","搭焊钢法兰 GB/T2506-2005 1Cr18Ni9Ti|10020","PCS",276]
["管附件库","搭焊钢法兰 GB/T2506-2005 AISI316L|16080","PCS",2]
["管附件库","搭焊钢法兰 GB/T2506-2005 S22553|6020","PCS",34]
["管附件库","搭焊钢法兰 GB/T2506-2005 S22553|6025","PCS",22]
["管附件库","搭焊钢法兰 GB/T2506-2005 S22553|6032","PCS",1]
["管附件库","搭焊钢法兰 GB/T2506-2005 S22553|6040","PCS",5]
["管附件库","搭焊钢法兰 GB/T2506-2005 S22553|6080","PCS",2]
["管附件库","搭焊钢法兰 GB/T2506-2005 S22553|10015","PCS",21]
["管附件库","搭焊钢法兰 GB/T2506-2005 S22553|10020","PCS",26]
["管附件库","搭焊钢法兰 GB/T2506-2005 S22553|10025","PCS",1]
["管附件库","搭焊钢法兰 GB/T2506-2005 S22553|10032","PCS",1]
["管附件库","对焊钢法兰 GB10746-89 SUS316|A40040-48X4 CCS","PCS",9]
["管附件库","对焊钢法兰 GB10746-89 SUS316|A64040-48X5 CCS","PCS",8]
["管附件库","对焊钢法兰 GB10746-89 SUS316L|A40015-22X2 CCS","PCS",5]
["管附件库","对焊钢法兰 GB10746-89 SUS316L|B40015-22X2 CCS","PCS",4]
["管附件库","对焊钢法兰 GB10746-89 SUS316|B40032-42X3","PCS",20]
["管附件库","对焊钢法兰 GB10746-89 SUS316L|B64020-27X4 CCS","PCS",14]
["管附件库","搭焊钢法兰 CBM1012-81 25#|5150","PCS",1]
["管附件库","搭焊钢法兰 CBM1012-81 SUS304|5025","PCS",2]
["管附件库","搭焊钢法兰 CBM1012-81 SUS304|5050","PCS",3]
["管附件库","搭焊钢法兰 CBM1012-81 SUS304|5065","PCS",2]
["管附件库","搭焊钢法兰 CBM1013-81 25#|10150","PCS",7]
["管附件库","搭焊钢法兰 CBM1013-81 1Cr18Ni9Ti|10025","PCS",25]
["管附件库","单面座板 GB/T11693-2008 SUS304|AS6020N","PCS",2]
["管附件库","盲板法兰 AISI316L-II","PCS",6]
["管附件库","紫铜管异径三通接头 GB/T11618-2008 TP2Y|85X2.5/70X2.5","PCS",8]
["管附件库","铜管异径三通接头 (仿GB/T11618-1999) TP2Y 160X4/108X2.5-Y","PCS",3]
["管附件库","紫铜管异径三通接头 GB/T11618-2008 TP2Y|70X2.5/55X2","PCS",23]
["管附件库","紫铜管异径三通接头 GB/T11618-2008 TP2Y|55X2/38X2","PCS",8]
["管附件库","紫铜管异径三通接头 GB/T11618-2008 TP2Y|55X2/45X2","PCS",3]
["管附件库","紫铜管等径三通接头 GB/T11618-2008 TP2Y|55X2/55X2","PCS",3]
["管附件库","紫铜管等径三通接头 GB/T11618-2008 TP2Y|38X2/38X2","PCS",6]
["管附件库","紫铜管同心异径接头 GB/T11618-2008 TP2Y|70X2.5/55X2","PCS",2]
["管附件库","紫铜管同心异径接头 GB/T11618-2008 TP2Y|70X2.5/45X2","PCS",4]
["管附件库","紫铜管同心异径接头 GB/T11618-2008 TP2Y|55X2/45X2","PCS",1]
["管附件库","A型紫铜管弯头 GB/T11618-2008 TP2Y|55X2X90-1.0D","PCS",77]
["管附件库","B型紫铜管弯头 GB/T11618-2008 TP2Y|55X2X90-1.0D","PCS",15]
["管附件库","A型紫铜管弯头 GB/T11618-2008 TP2Y|55X2X45-1.0D","PCS",16]
["管附件库","B型紫铜管弯头 GB/T11618-2008 TP2Y|70X2X90-1.0D","PCS",10]
["管附件库","A型紫铜管弯头 GB/T11618-2008 TP2Y|70X2X45-1.0D","PCS",3]
["管附件库","A型紫铜管弯头 GB/T11618-2008 TP2Y|45X2X90-1.0D","PCS",8]
["管附件库","A型紫铜管弯头 GB/T11618-2008 TP2Y|38X2X90-1.0D","PCS",1]
["管附件库","B型紫铜管弯头 GB/T11618-2008 TP2Y|55X2X45-1.0D","PCS",1]
["管附件库","A型紫铜管弯头 GB/T11618-2008 TP2Y|70X2X90-1.0D","PCS",2]
["管附件库","B型紫铜管弯头 GB/T11618-2008 TP2Y|108X2.5X45-1.0D","PCS",6]
["管附件库","A型紫铜管弯头 GB/T11618-2008 TP2Y|108X2.5X45-1.0D","PCS",1]
["管附件库","A型紫铜管弯头 GB/T11618-2008 TP2Y|108X2.5X90-1.0D","PCS",3]
["管附件库","紫铜松套法兰","PCS",152]
["管附件库","紫铜松套法兰（法兰按CBT46-2007.内孔109) TP2Y A6100","PCS",4]
["管附件库","紫铜松套法兰（法兰按CBT46-2007.内孔61）TP2Y A16050","PCS",16]
["管附件库","紫铜松套法兰（法兰按CBT46-2007.内孔56）TP2Y A16050","PCS",10]
["管附件库","紫铜松套法兰（法兰按CBT46-2007.内孔39）TP2Y A16032","PCS",7]
["管附件库","紫铜松套法兰（法兰按CBT46-2007.内孔31）TP2Y A16025","PCS",8]
["管附件库","紫铜松套法兰（法兰按CBT46-2007.内孔25）TP2Y A16020","PCS",1]
["管附件库","紫铜松套法兰","PCS",2]
["管附件库","紫铜松套法兰（法兰按CBT46-2007.内孔86）TP2Y A6080","PCS",2]
["管附件库","紫铜松套法兰","PCS",1]
["管附件库","紫铜松套法兰（法兰按CBT46-2007.内孔46）TP2Y A16040","PCS",1]
[{"$nulls":3},1025]